{"text_format":"3","workbook":"xlsx","n_sheets":6,"sheets":["NRM2 BOQ","Labour","Materials","Plant and Tools","Other costs","Profit"],"not_rendered":{"images":2},"read":"whole","date_system":"1900"}

{"sheet":"NRM2 BOQ","index":0,"n_rows":317,"n_cols":6,"rows_kept":317,"merged":[[1,0,1,5]]}
[]
["Bill of Quantities: Brown Hazel"]
[]
["Item","Description","Qty","Unit","Rate","Total"]
[null,"General Preliminaries"]
[1,"Provide site foreman/supervisor including management of workers, scheduling, health and safety, coordination of works and overheads for the duration of the project.",1,"each",{"v":7000,"d":"£7,000.00"},{"v":7000,"d":"£7,000.00"}]
[2,"Supply and display project sign boards including company name, project information and health and safety signage.",1,"each",{"v":125,"d":"£125.00"},{"v":125,"d":"£125.00"}]
[3,"Carry out cleaning of site and works including removal of debris, sweeping, and maintaining clean working areas as per client requirements.",1,"each",{"v":800,"d":"£800.00"},{"v":800,"d":"£800.00"}]
[4,"Provide health and safety measures including PPE, first aid facilities, safety signage and compliance with regulations.",1,"each",{"v":337.5,"d":"£337.50"},{"v":337.5,"d":"£337.50"}]
[5,"Provide waste management including skips, loading waste, disposal at licensed facility and keeping site tidy.",10,"each",{"v":318.75,"d":"£318.75"},{"v":3187.5,"d":"£3,187.50"}]
[null,"Fences and Barriers"]
[6,"Hire and erect temporary Heras fencing panels including clips, concrete feet and vehicle/pedestrian gates for site security and removal on completion.",105.3,"m",{"v":87.02,"d":"£87.02"},{"v":9163.1,"d":"£9,163.10"}]
[null,"Site Equipment"]
[7,"Supply and maintain site storage container including delivery, hire and removal.",1,"each",{"v":1137.5,"d":"£1,137.50"},{"v":1137.5,"d":"£1,137.50"}]
[8,"Supply and maintain site toilet facilities including cleaning and consumables for the duration of works.",1,"each",{"v":1181.25,"d":"£1,181.25"},{"v":1181.25,"d":"£1,181.25"}]
[null,"Demolition / Removal"]
[9,"Carry out demolition and removal of existing structures or elements including temporary supports, breaking out, loading to skips, disposal off-site and making good adjacent finishes.",1,"each",{"v":7376.25,"d":"£7,376.25"},{"v":7376.25,"d":"£7,376.25"}]
[null,"Scaffolding"]
[10,"Provide static scaffolding including design, erection, hire, inspection, adaption and dismantling to provide safe access for trades to working areas.",1,"each",{"v":9504,"d":"£9,504.00"},{"v":9504,"d":"£9,504.00"}]
[null,"SVP"]
[11,"Supply and install soil pipes and fittings including connection to existing drainage system, fixings and testing.",1,"each",{"v":211.23,"d":"£211.23"},{"v":211.23,"d":"£211.23"}]
[null,"Surface Water Manhole"]
[12,"Supply and place clean pea gravel bedding and surround to drainage pipes and soakaway crates.",0.7,"m3",{"v":273.36,"d":"£273.36"},{"v":180.5,"d":"£180.50"}]
[13,"Load and cart away surplus excavated soil from site to a licensed tip as required.",1,"m3",{"v":211.25,"d":"£211.25"},{"v":219.36,"d":"£219.36"}]
[14,"Supply and install inspection chambers and covers including bases, shafts, frames and lids complete.",2,"each",{"v":267.75,"d":"£267.75"},{"v":535.5,"d":"£535.50"}]
[15,"Excavate trenches to required depth and width for drainage runs including support of sides, removal of spoil and preparation of base.",0.9,"m3",{"v":153.42,"d":"£153.42"},{"v":130.59,"d":"£130.59"}]
[null,"Surface Water Drainage run"]
[16,"Supply and lay PVC-U drainage pipes and fittings including couplers, bends, junctions and testing.",1,"each",{"v":660.29,"d":"£660.29"},{"v":660.29,"d":"£660.29"}]
[17,"Supply and place clean pea gravel bedding and surround to drainage pipes or soakaways.",3,"m3",{"v":217.86,"d":"£217.86"},{"v":650.3,"d":"£650.30"}]
[18,"Excavate trenches to required depth and width for drainage runs including support of sides, removal of spoil and preparation of base.",7.9,"m3",{"v":114.68,"d":"£114.68"},{"v":903.09,"d":"£903.09"}]
[19,"Load and cart away surplus excavated soil from site to a licensed tip as required.",4,"m3",{"v":90.21,"d":"£90.21"},{"v":358.23,"d":"£358.23"}]
[20,"Backfill excavations and trenches with selected excavated material or imported fill, compacted in layers.",4.6,"m3",{"v":57.6,"d":"£57.60"},{"v":266.11,"d":"£266.11"}]
[null,"Aco Channels"]
[21,"Load and cart away surplus excavated soil from site to a licensed tip as required.",0.4,"m3",{"v":398.94,"d":"£398.94"},{"v":175.21,"d":"£175.21"}]
[22,"Supply and lay PVC-U drainage pipes and fittings including couplers, bends, junctions and testing.",1,"each",{"v":473.38,"d":"£473.38"},{"v":473.38,"d":"£473.38"}]
[23,"Provide and place concrete bedding and haunching to drainage channels and pipes including formwork as necessary.",0.3,"m3",{"v":525.48,"d":"£525.48"},{"v":151.34,"d":"£151.34"}]
[24,"Excavate trenches to required depth and width for drainage runs including support of sides, removal of spoil and preparation of base.",0.4,"m3",{"v":124.76,"d":"£124.76"},{"v":44.91,"d":"£44.91"}]
[25,"Supply and install linear drainage channels with gratings and required connections to drainage system.",6,"m",{"v":22.7,"d":"£22.70"},{"v":136.2,"d":"£136.20"}]
[null,"Soakaway"]
[26,"Backfill excavations and trenches with selected excavated material or imported fill, compacted in layers.",0.8,"m3",{"v":57.94,"d":"£57.94"},{"v":48.96,"d":"£48.96"}]
[27,"Load and cart away surplus excavated soil from site to a licensed tip as required.",2.7,"m3",{"v":107.87,"d":"£107.87"},{"v":289.13,"d":"£289.13"}]
[28,"Supply and install modular plastic soakaway crates wrapped in geotextile fabric to form soakaway including excavation and connections.",2.2,"m3",{"v":218.71,"d":"£218.71"},{"v":480.51,"d":"£480.51"}]
[29,"Supply and lay geotextile membrane around soakaway crates or under permeable paving as specified.",11.7,"m2",{"v":5.19,"d":"£5.19"},{"v":60.56,"d":"£60.56"}]
[30,"Excavate trenches to required depth and width for drainage runs including support of sides, removal of spoil and preparation of base.",3,"m3",{"v":112.55,"d":"£112.55"},{"v":342.39,"d":"£342.39"}]
[null,"Strip Foundation"]
[31,"Supply and place in-situ concrete to foundations or slabs including mixing, transport, laying, compacting and curing.",8.9,"m3",{"v":205.61,"d":"£205.61"},{"v":1821.28,"d":"£1,821.28"}]
[32,"Excavate for foundations, footings or slabs to required levels including removal of spoil, support of sides and keeping excavations free of water.",26.6,"m3",{"v":72.86,"d":"£72.86"},{"v":1936.19,"d":"£1,936.19"}]
[33,"Load and cart away surplus excavated soil from site to a licensed tip as required.",32.4,"m3",{"v":70.31,"d":"£70.31"},{"v":2279.28,"d":"£2,279.28"}]
[null,"Trench Foundation (Historic Septic Tank Area)"]
[34,"Supply and place in-situ concrete to foundations or slabs including mixing, transport, laying, compacting and curing.",4.5,"m3",{"v":250.06,"d":"£250.06"},{"v":1125.25,"d":"£1,125.25"}]
[35,"Excavate for foundations, footings or slabs to required levels including removal of spoil, support of sides and keeping excavations free of water.",6,"m3",{"v":82.24,"d":"£82.24"},{"v":493.44,"d":"£493.44"}]
[36,"Load and cart away surplus excavated soil from site to a licensed tip as required.",7.3,"m3",{"v":106.34,"d":"£106.34"},{"v":778.38,"d":"£778.38"}]
[null,"Cavity Walls Below DPC"]
[37,"Provide and place concrete infill or blinding including levelling and compaction.",1.7,"m3",{"v":450.14,"d":"£450.14"},{"v":744.41,"d":"£744.41"}]
[38,"Construct inner skin of cavity walls using blockwork including mortar, ties and coordination with outer skin.",34.3,"m2",{"v":76,"d":"£76.00"},{"v":2606.93,"d":"£2,606.93"}]
[39,"Supply and lay damp-proof course to walls including laps and sealing at junctions.",98,"m",{"v":4.3,"d":"£4.30"},{"v":421.4,"d":"£421.40"}]
[40,"Construct outer skin of cavity walls using facing brick or block including mortar, ties and joint finishes.",34.3,"m2",{"v":111.09,"d":"£111.09"},{"v":3810.45,"d":"£3,810.45"}]
[null,"Concrete Floor"]
[41,"Supply and lay sand/cement floor screed including placing, levelling and finishing to receive floor coverings.",85.5,"m2",{"v":35.63,"d":"£35.63"},{"v":3046.71,"d":"£3,046.71"}]
[42,"Supply and compact hardcore fill material to required thickness as sub-base under slabs or paving.",12.8,"m3",{"v":257.64,"d":"£257.64"},{"v":3304.19,"d":"£3,304.19"}]
[43,"Provide protective screed or layer over insulation or membranes to protect during subsequent works.",93.8,"m2",{"v":3.4,"d":"£3.40"},{"v":319.04,"d":"£319.04"}]
[44,"Construct in-situ concrete slab including reinforcement, placing, compaction, finishing and curing.",12.8,"m3",{"v":224.41,"d":"£224.41"},{"v":2878.03,"d":"£2,878.03"}]
[45,"Excavate to reduce ground levels to formation including disposal of surplus material and trimming to level.",33.8,"m3",{"v":74.35,"d":"£74.35"},{"v":2510.85,"d":"£2,510.85"}]
[46,"Supply and install perimeter insulation to floor slab edges to reduce cold bridging.",8.3,"m2",{"v":10.47,"d":"£10.47"},{"v":87.13,"d":"£87.13"}]
[47,"Load and cart away surplus excavated soil from site to a licensed tip as required.",41.2,"m3",{"v":64.97,"d":"£64.97"},{"v":2677.05,"d":"£2,677.05"}]
[48,"Supply and install rigid or quilt insulation to floors, walls or roofs to achieve specified thermal performance.",85.5,"m2",{"v":19.6,"d":"£19.60"},{"v":1675.5,"d":"£1,675.50"}]
[49,"Provide sand blinding to protect damp proof membranes and provide smooth bedding layer.",4.3,"m3",{"v":277.59,"d":"£277.59"},{"v":1186.7,"d":"£1,186.70"}]
[50,"Supply and lay damp proof membrane over hardcore or insulation with laps and sealed joints.",96.6,"m2",{"v":2.81,"d":"£2.81"},{"v":271.24,"d":"£271.24"}]
[51,"Provide surface finish to concrete slab including trowelling, brushing or power floating to specified finish.",85.5,"m2",{"v":4.5,"d":"£4.50"},{"v":384.75,"d":"£384.75"}]
[null,"Cavity Wall"]
[52,"Finish wall surfaces with plaster, skim coat or render ready for decoration.",206,"m2",{"v":46.92,"d":"£46.92"},{"v":9665.76,"d":"£9,665.76"}]
[53,"Provide wall accessories such as beads, trims or corner protection during finishing of walls.",51,"each",{"v":8.12,"d":"£8.12"},{"v":414.36,"d":"£414.36"}]
[54,"Construct main structural wall skin using blockwork including mortar, ties and coordination with other elements.",206,"m2",{"v":57.44,"d":"£57.44"},{"v":11832,"d":"£11,832.00"}]
[55,"Construct outer skin of cavity walls using facing brick or block including mortar, ties and joint finishes.",206,"m2",{"v":118.38,"d":"£118.38"},{"v":24385.29,"d":"£24,385.29"}]
[56,"Supply and place insulation within cavity walls to achieve specified thermal performance.",206,"m2",{"v":33.9,"d":"£33.90"},{"v":6982.44,"d":"£6,982.44"}]
[null,"Block Wall"]
[57,"Provide general labourers for site tasks including material handling, site cleaning, assisting trades, and miscellaneous labour as required.",1,"each",{"v":1600,"d":"£1,600.00"},{"v":1600,"d":"£1,600.00"}]
[58,"Construct solid masonry wall using blockwork including mortar joints and finishes.",58.5,"m2",{"v":57.91,"d":"£57.91"},{"v":3388.01,"d":"£3,388.01"}]
[59,"Provide wall accessories such as beads, trims or corner protection during finishing of walls.",54,"each",{"v":8.26,"d":"£8.26"},{"v":445.93,"d":"£445.93"}]
[60,"Finish wall surfaces with plaster, skim coat or render ready for decoration.",117,"m2",{"v":26.25,"d":"£26.25"},{"v":3071.71,"d":"£3,071.71"}]
[null,"Timber Stud Wall"]
[61,"Construct timber or metal stud partitions including sole and head plates, studs, noggings, insulation and plasterboard lining.",77.8,"m2",{"v":42.31,"d":"£42.31"},{"v":3289.44,"d":"£3,289.44"}]
[62,"Supply and install rigid or quilt insulation to floors, walls or roofs to achieve specified thermal performance.",77.8,"m2",{"v":15.3,"d":"£15.30"},{"v":1189.38,"d":"£1,189.38"}]
[63,"Supply and fix plasterboard or lining boards to internal faces of walls including jointing and finishing.",77.8,"m2",{"v":24.77,"d":"£24.77"},{"v":1926.22,"d":"£1,926.22"}]
[64,"Finish wall surfaces with plaster, skim coat or render ready for decoration.",155.5,"m2",{"v":24.31,"d":"£24.31"},{"v":3780.65,"d":"£3,780.65"}]
[null,"Window Type 1"]
[65,"Supply and install uPVC or aluminium windows including frames, ironmongery, glazing and perimeter sealing.",1,"each",{"v":600.09,"d":"£600.09"},{"v":600.09,"d":"£600.09"}]
[66,"Supply and install insulated cavity closers around window or door openings including fixings.",5.6,"m",{"v":15.92,"d":"£15.92"},{"v":88.74,"d":"£88.74"}]
[67,"Supply and install precast concrete or steel lintels over openings including bearings and installation.",1,"each",{"v":152.46,"d":"£152.46"},{"v":152.46,"d":"£152.46"}]
[68,"Supply and install trickle vents in window frames to provide background ventilation.",1,"each",{"v":18.63,"d":"£18.63"},{"v":18.63,"d":"£18.63"}]
[null,"Window Type 2"]
[69,"Supply and install uPVC or aluminium windows including frames, ironmongery, glazing and perimeter sealing.",1,"each",{"v":336.55,"d":"£336.55"},{"v":336.55,"d":"£336.55"}]
[70,"Supply and install insulated cavity closers around window or door openings including fixings.",2.7,"m",{"v":21.01,"d":"£21.01"},{"v":56.95,"d":"£56.95"}]
[71,"Supply and install precast concrete or steel lintels over openings including bearings and installation.",1,"each",{"v":127.05,"d":"£127.05"},{"v":127.05,"d":"£127.05"}]
[72,"Supply and install trickle vents in window frames to provide background ventilation.",1,"each",{"v":18.63,"d":"£18.63"},{"v":18.63,"d":"£18.63"}]
[null,"Window Type 3"]
[73,"Supply and install uPVC or aluminium windows including frames, ironmongery, glazing and perimeter sealing.",1,"each",{"v":338.72,"d":"£338.72"},{"v":338.72,"d":"£338.72"}]
[74,"Supply and install insulated cavity closers around window or door openings including fixings.",3.1,"m",{"v":19.16,"d":"£19.16"},{"v":59.1,"d":"£59.10"}]
[75,"Supply and install precast concrete or steel lintels over openings including bearings and installation.",1,"each",{"v":88.56,"d":"£88.56"},{"v":88.56,"d":"£88.56"}]
[76,"Supply and install trickle vents in window frames to provide background ventilation.",1,"each",{"v":18.63,"d":"£18.63"},{"v":18.63,"d":"£18.63"}]
[null,"Window Type 4"]
[77,"Supply and install uPVC or aluminium windows including frames, ironmongery, glazing and perimeter sealing.",1,"each",{"v":420.36,"d":"£420.36"},{"v":420.36,"d":"£420.36"}]
[78,"Supply and install insulated cavity closers around window or door openings including fixings.",3.6,"m",{"v":17.06,"d":"£17.06"},{"v":62.28,"d":"£62.28"}]
[79,"Supply and install precast concrete or steel lintels over openings including bearings and installation.",1,"each",{"v":152.46,"d":"£152.46"},{"v":152.46,"d":"£152.46"}]
[80,"Supply and install trickle vents in window frames to provide background ventilation.",1,"each",{"v":18.63,"d":"£18.63"},{"v":18.63,"d":"£18.63"}]
[null,"Window Type 5"]
[81,"Supply and install uPVC or aluminium windows including frames, ironmongery, glazing and perimeter sealing.",2,"each",{"v":508.96,"d":"£508.96"},{"v":1017.92,"d":"£1,017.92"}]
[82,"Supply and install insulated cavity closers around window or door openings including fixings.",6.6,"m",{"v":14.33,"d":"£14.33"},{"v":94.57,"d":"£94.57"}]
[83,"Supply and install precast concrete or steel lintels over openings including bearings and installation.",2,"each",{"v":152.46,"d":"£152.46"},{"v":304.92,"d":"£304.92"}]
[84,"Supply and install trickle vents in window frames to provide background ventilation.",2,"each",{"v":18.63,"d":"£18.63"},{"v":37.25,"d":"£37.25"}]
[null,"Window Type 6"]
[85,"Supply and install uPVC or aluminium windows including frames, ironmongery, glazing and perimeter sealing.",2,"each",{"v":389.75,"d":"£389.75"},{"v":779.5,"d":"£779.50"}]
[86,"Supply and install insulated cavity closers around window or door openings including fixings.",4.8,"m",{"v":14.33,"d":"£14.33"},{"v":68.79,"d":"£68.79"}]
[87,"Supply and install precast concrete or steel lintels over openings including bearings and installation.",2,"each",{"v":77.01,"d":"£77.01"},{"v":154.02,"d":"£154.02"}]
[88,"Supply and install trickle vents in window frames to provide background ventilation.",2,"each",{"v":18.63,"d":"£18.63"},{"v":37.25,"d":"£37.25"}]
[null,"Window Type 7"]
[89,"Supply and install uPVC or aluminium windows including frames, ironmongery, glazing and perimeter sealing.",1,"each",{"v":438.79,"d":"£438.79"},{"v":438.79,"d":"£438.79"}]
[90,"Supply and install insulated cavity closers around window or door openings including fixings.",4.8,"m",{"v":14.38,"d":"£14.38"},{"v":68.68,"d":"£68.68"}]
[91,"Supply and install precast concrete or steel lintels over openings including bearings and installation.",1,"each",{"v":77.01,"d":"£77.01"},{"v":77.01,"d":"£77.01"}]
[92,"Supply and install trickle vents in window frames to provide background ventilation.",1,"each",{"v":18.63,"d":"£18.63"},{"v":18.63,"d":"£18.63"}]
[null,"Window Type 8"]
[93,"Supply and install uPVC or aluminium windows including frames, ironmongery, glazing and perimeter sealing.",1,"each",{"v":392.84,"d":"£392.84"},{"v":392.84,"d":"£392.84"}]
[94,"Supply and install insulated cavity closers around window or door openings including fixings.",3,"m",{"v":19.53,"d":"£19.53"},{"v":58.59,"d":"£58.59"}]
[95,"Supply and install precast concrete or steel lintels over openings including bearings and installation.",1,"each",{"v":101.64,"d":"£101.64"},{"v":101.64,"d":"£101.64"}]
[96,"Supply and install trickle vents in window frames to provide background ventilation.",1,"each",{"v":18.63,"d":"£18.63"},{"v":18.63,"d":"£18.63"}]
[null,"Window Type 9"]
[97,"Supply and install uPVC or aluminium windows including frames, ironmongery, glazing and perimeter sealing.",1,"each",{"v":388.35,"d":"£388.35"},{"v":388.35,"d":"£388.35"}]
[98,"Supply and install insulated cavity closers around window or door openings including fixings.",4.6,"m",{"v":14.71,"d":"£14.71"},{"v":67.65,"d":"£67.65"}]
[99,"Supply and install precast concrete or steel lintels over openings including bearings and installation.",1,"each",{"v":77.01,"d":"£77.01"},{"v":77.01,"d":"£77.01"}]
[100,"Supply and install trickle vents in window frames to provide background ventilation.",1,"each",{"v":18.63,"d":"£18.63"},{"v":18.63,"d":"£18.63"}]
[null,"Bifold Door"]
[101,"Supply and install insulated cavity closers around window or door openings including fixings.",4.2,"m",{"v":15.57,"d":"£15.57"},{"v":65.39,"d":"£65.39"}]
[102,"Supply and install precast concrete or steel lintels over openings including bearings and installation.",1,"each",{"v":1206.34,"d":"£1,206.34"},{"v":1206.34,"d":"£1,206.34"}]
[103,"Supply and install uPVC bifold door set including frame, glazing, ironmongery and weather seals.",1,"each",{"v":4625.81,"d":"£4,625.81"},{"v":4625.81,"d":"£4,625.81"}]
[null,"Composite Door"]
[104,"Supply and install composite external door including frame, locks, hinges, seals and threshold.",1,"each",{"v":1015.25,"d":"£1,015.25"},{"v":1015.25,"d":"£1,015.25"}]
[105,"Supply and install insulated cavity closers around window or door openings including fixings.",4.2,"m",{"v":15.57,"d":"£15.57"},{"v":65.39,"d":"£65.39"}]
[106,"Supply and install precast concrete or steel lintels over openings including bearings and installation.",1,"each",{"v":127.05,"d":"£127.05"},{"v":127.05,"d":"£127.05"}]
[null,"Wooden Door"]
[107,"Supply and install timber internal or external door including frame, ironmongery and finishing.",2,"each",{"v":641.08,"d":"£641.08"},{"v":1282.15,"d":"£1,282.15"}]
[108,"Decorate surfaces including filling, sanding, priming and applying paints, stains or finishes as specified.",7.7,"m2",{"v":25.62,"d":"£25.62"},{"v":197.5,"d":"£197.50"}]
[109,"Supply and install insulated cavity closers around window or door openings including fixings.",8.4,"m",{"v":14.33,"d":"£14.33"},{"v":120.36,"d":"£120.36"}]
[110,"Supply and install precast concrete or steel lintels over openings including bearings and installation.",2,"each",{"v":127.05,"d":"£127.05"},{"v":254.1,"d":"£254.10"}]
[null,"Universal Column"]
[111,"Supply and install structural steel beams including fabrication, delivery, craneage, positioning and bolted connections.",1,"each",{"v":3230.7,"d":"£3,230.70"},{"v":3230.7,"d":"£3,230.70"}]
[112,"Supply and install padstones or spreader blocks to support structural steel members.",4,"each",{"v":71.73,"d":"£71.73"},{"v":286.91,"d":"£286.91"}]
[113,"Provide fire protection to structural steel members using intumescent coatings, board encasement or fire-rated linings.",21.2,"m2",{"v":24.6,"d":"£24.60"},{"v":521.17,"d":"£521.17"}]
[114,"Apply protective paint finish to structural steelwork including preparation and application of primer and top coats.",21.2,"m2",{"v":6.53,"d":"£6.53"},{"v":138.35,"d":"£138.35"}]
[null,"Connection"]
[115,"Supply and install steel connections including plates, bolts and welds for joints in structural steelwork.",2,"each",{"v":156.25,"d":"£156.25"},{"v":312.5,"d":"£312.50"}]
[116,"Supply and fix bolts, anchors and other fixings associated with installation of structural steelwork or metalwork.",12,"each",{"v":1.06,"d":"£1.06"},{"v":12.75,"d":"£12.75"}]
[null,"Floor"]
[117,"Provide strutting between joists to prevent buckling and spread loads, including noggins and fixings.",60,"m",{"v":6.74,"d":"£6.74"},{"v":404.51,"d":"£404.51"}]
[118,"Supply and install restraint straps to tie walls, floors and roofs together and resist lateral forces.",2,"each",{"v":24.13,"d":"£24.13"},{"v":48.26,"d":"£48.26"}]
[119,"Supply and install rigid or quilt insulation to floors, walls or roofs to achieve specified thermal performance.",74.3,"m2",{"v":23.48,"d":"£23.48"},{"v":1745.2,"d":"£1,745.20"}]
[120,"Supply and install structural floor decking or floorboards fixed to joists ready to receive finishes.",74.3,"m2",{"v":26.35,"d":"£26.35"},{"v":1958.78,"d":"£1,958.78"}]
[121,"Supply and fix timber floor joists including hangers, connectors and strutting as required.",226.8,"m",{"v":19.13,"d":"£19.13"},{"v":4339.77,"d":"£4,339.77"}]
[null,"Apex Roof (Main Roof)"]
[122,"Supply and fix collar ties or ties between rafters to provide stability.",78,"m",{"v":7.12,"d":"£7.12"},{"v":555.08,"d":"£555.08"}]
[123,"Supply and fix roof rafters including birdsmouth cuts, fixings to wall plates and ridge.",354,"m",{"v":8.19,"d":"£8.19"},{"v":2898.47,"d":"£2,898.47"}]
[124,"Supply and fix wall plates including straps and fixings to distribute roof loads to walls.",21.6,"m",{"v":17.38,"d":"£17.38"},{"v":375.31,"d":"£375.31"}]
[null,"Apex Roof (Storage Area)"]
[125,"Supply and fix ridge boards or ridge beams to roof structure including joints and fixings.",6,"m",{"v":14.78,"d":"£14.78"},{"v":88.65,"d":"£88.65"}]
[126,"Supply and fix collar ties or ties between rafters to provide stability.",25.2,"m",{"v":7.27,"d":"£7.27"},{"v":183.09,"d":"£183.09"}]
[127,"Supply and fix ceiling joists including hangers and struts to support ceiling finishes.",58.8,"m",{"v":9.36,"d":"£9.36"},{"v":550.33,"d":"£550.33"}]
[128,"Supply and fix roof rafters including birdsmouth cuts, fixings to wall plates and ridge.",117,"m",{"v":8.28,"d":"£8.28"},{"v":969.15,"d":"£969.15"}]
[129,"Supply and fix wall plates including straps and fixings to distribute roof loads to walls.",10.8,"m",{"v":22.54,"d":"£22.54"},{"v":243.45,"d":"£243.45"}]
[null,"Flat Roof"]
[130,"Supply and fix roof sheathing boards and firrings including fixings and jointing to form roof surface.",26.7,"m2",{"v":40.53,"d":"£40.53"},{"v":1081.56,"d":"£1,081.56"}]
[131,"Supply and install insulation within timber frame or stud walls to achieve thermal or acoustic performance.",14.1,"m2",{"v":28.14,"d":"£28.14"},{"v":396.01,"d":"£396.01"}]
[132,"Supply and fix uPVC gutters and downpipes including brackets, outlets and associated fittings.",1,"each",{"v":283.43,"d":"£283.43"},{"v":283.43,"d":"£283.43"}]
[133,"Supply and install fibreglass roof coverings including matting, resin, trims and top coat to form waterproof flat roof.",26.7,"m2",{"v":77.25,"d":"£77.25"},{"v":2061.66,"d":"£2,061.66"}]
[134,"Supply and install lead or proprietary flashings to roof abutments, valleys and penetrations including fixings and sealant.",1,"each",{"v":1302.63,"d":"£1,302.63"},{"v":1302.63,"d":"£1,302.63"}]
[135,"Supply and fix sheathing boards to timber frame walls including fixings.",14.1,"m2",{"v":23.74,"d":"£23.74"},{"v":334.09,"d":"£334.09"}]
[136,"Supply and install external cladding to timber frame walls including support battens, fixings and trims.",14.1,"m2",{"v":79.08,"d":"£79.08"},{"v":1112.89,"d":"£1,112.89"}]
[137,"Construct timber frame structure including studs, plates, bracing and connections ready for sheathing and cladding.",1,"each",{"v":1559.34,"d":"£1,559.34"},{"v":1559.34,"d":"£1,559.34"}]
[138,"Supply and install insulation in roof spaces to achieve specified thermal performance.",22.7,"m2",{"v":27.98,"d":"£27.98"},{"v":635.01,"d":"£635.01"}]
[139,"Supply and install soffits and fascias including support battens, fixings, trims and ventilation slots.",29.5,"m",{"v":21.55,"d":"£21.55"},{"v":635.63,"d":"£635.63"}]
[null,"Slate Range"]
[140,"Supply and fix roof battens to support tile or slate coverings including spacing and nailing.",786.3,"m",{"v":3.21,"d":"£3.21"},{"v":2521.11,"d":"£2,521.11"}]
[141,"Supply and fix ridge tiles or ridge units including fixing clips, mortar bedding and pointing.",16.8,"m",{"v":52.58,"d":"£52.58"},{"v":883.35,"d":"£883.35"}]
[142,"Provide eaves treatment including over-fascia vents, support trays and verge finishing details.",33.6,"m",{"v":7,"d":"£7.00"},{"v":235.1,"d":"£235.10"}]
[143,"Supply and install verge tiles, ridge tiles, or verge trims with appropriate fixing and bedding.",32.2,"m",{"v":36.92,"d":"£36.92"},{"v":1188.89,"d":"£1,188.89"}]
[144,"Supply and fix natural or artificial slate tiles including nails, laps and alignment.",153.9,"m2",{"v":122.73,"d":"£122.73"},{"v":18888.46,"d":"£18,888.46"}]
[145,"Supply and install breathable roof membrane over rafters and under battens including laps and temporary fixing.",177,"m2",{"v":5.6,"d":"£5.60"},{"v":991.45,"d":"£991.45"}]
[null,"Pitched Roof Windows"]
[146,"Supply and install roof windows including flashings, linings and internal finishes.",3,"each",{"v":930.63,"d":"£930.63"},{"v":2791.88,"d":"£2,791.88"}]
[147,"Supply and fix rafters and trimmers around roof openings including trimming and fixings.",1,"each",{"v":567.65,"d":"£567.65"},{"v":567.65,"d":"£567.65"}]
[null,"Rafters Insulation"]
[148,"Supply and install rigid or quilt insulation to floors, walls or roofs to achieve specified thermal performance.",153.9,"m2",{"v":30.3,"d":"£30.30"},{"v":4663.64,"d":"£4,663.64"}]
[null,"Upvc"]
[149,"Supply and fix raked soffit boards including support battens, fixings and joint trims.",33,"m",{"v":28.88,"d":"£28.88"},{"v":952.96,"d":"£952.96"}]
[150,"Supply and fix soffit boards at eaves including support battens, fixings and ventilation slots.",35,"m",{"v":36.81,"d":"£36.81"},{"v":1288.31,"d":"£1,288.31"}]
[151,"Supply and fix bargeboards to gable ends including fixings, joint trims and painting.",33,"m",{"v":25.59,"d":"£25.59"},{"v":844.56,"d":"£844.56"}]
[152,"Supply and fix fascia boards including fixing to rafter ends, joint trims and painting.",35,"m",{"v":24.92,"d":"£24.92"},{"v":872.19,"d":"£872.19"}]
[153,"Supply and form box end detail at junction of fascia and bargeboards including soffit panels and trims.",7,"each",{"v":58.09,"d":"£58.09"},{"v":406.61,"d":"£406.61"}]
[null,"Rainwater Goods"]
[154,"Supply and fix uPVC downpipes including brackets, outlets and connection to drainage system.",1,"each",{"v":437.7,"d":"£437.70"},{"v":437.7,"d":"£437.70"}]
[155,"Supply and fix uPVC gutters including brackets, outlets and connection to downpipes.",1,"each",{"v":533.36,"d":"£533.36"},{"v":533.36,"d":"£533.36"}]
[null,"Universal Column (Ridge Beam)"]
[156,"Supply and install structural steel beams including fabrication, delivery, craneage, positioning and bolted connections.",1,"each",{"v":1937.65,"d":"£1,937.65"},{"v":1937.65,"d":"£1,937.65"}]
[157,"Supply and install padstones or spreader blocks to support structural steel members.",2,"each",{"v":74.64,"d":"£74.64"},{"v":149.29,"d":"£149.29"}]
[158,"Provide fire protection to structural steel members using intumescent coatings, board encasement or fire-rated linings.",12.5,"m2",{"v":24.86,"d":"£24.86"},{"v":310.63,"d":"£310.63"}]
[159,"Apply protective paint finish to structural steelwork including preparation and application of primer and top coats.",12.5,"m2",{"v":6.95,"d":"£6.95"},{"v":86.84,"d":"£86.84"}]
[null,"Universal Column (Dormer Beam)"]
[160,"Supply and install structural steel beams including fabrication, delivery, craneage, positioning and bolted connections.",1,"each",{"v":1937.65,"d":"£1,937.65"},{"v":1937.65,"d":"£1,937.65"}]
[161,"Supply and install padstones or spreader blocks to support structural steel members.",2,"each",{"v":74.64,"d":"£74.64"},{"v":149.29,"d":"£149.29"}]
[162,"Provide fire protection to structural steel members using intumescent coatings, board encasement or fire-rated linings.",12.5,"m2",{"v":24.86,"d":"£24.86"},{"v":310.63,"d":"£310.63"}]
[163,"Apply protective paint finish to structural steelwork including preparation and application of primer and top coats.",12.5,"m2",{"v":6.95,"d":"£6.95"},{"v":86.84,"d":"£86.84"}]
[null,"Electrics"]
[164,"Carry out first fix electrical installation including wiring, back boxes, conduits, cable trays and testing ready for second fix.",1,"each",{"v":5419.41,"d":"£5,419.41"},{"v":5419.41,"d":"£5,419.41"}]
[165,"Carry out second fix electrical installation including switches, sockets, light fittings, circuit connections and testing.",1,"each",{"v":8473.49,"d":"£8,473.49"},{"v":8473.49,"d":"£8,473.49"}]
[null,"En Suite 1 Plumbing"]
[166,"Carry out first fix plumbing installation including pipework runs, insulation, connections to appliances and testing.",1,"each",{"v":1077.16,"d":"£1,077.16"},{"v":1077.16,"d":"£1,077.16"}]
[167,"Carry out second fix plumbing installation including fitting sanitary ware, taps, traps, pipework connections and testing.",1,"each",{"v":1393.91,"d":"£1,393.91"},{"v":1393.91,"d":"£1,393.91"}]
[null,"En Suite 2 Plumbing"]
[168,"Carry out first fix plumbing installation including pipework runs, insulation, connections to appliances and testing.",1,"each",{"v":1077.16,"d":"£1,077.16"},{"v":1077.16,"d":"£1,077.16"}]
[169,"Carry out second fix plumbing installation including fitting sanitary ware, taps, traps, pipework connections and testing.",1,"each",{"v":1393.91,"d":"£1,393.91"},{"v":1393.91,"d":"£1,393.91"}]
[null,"Bathroom Plumbing"]
[170,"Carry out first fix plumbing installation including pipework runs, insulation, connections to appliances and testing.",1,"each",{"v":1131.1,"d":"£1,131.10"},{"v":1131.1,"d":"£1,131.10"}]
[171,"Carry out second fix plumbing installation including fitting sanitary ware, taps, traps, pipework connections and testing.",1,"each",{"v":1282.25,"d":"£1,282.25"},{"v":1282.25,"d":"£1,282.25"}]
[null,"Kitchen Plumbing"]
[172,"Carry out first fix plumbing installation including pipework runs, insulation, connections to appliances and testing.",1,"each",{"v":1000.01,"d":"£1,000.01"},{"v":1000.01,"d":"£1,000.01"}]
[173,"Carry out second fix plumbing installation including fitting sanitary ware, taps, traps, pipework connections and testing.",1,"each",{"v":379.11,"d":"£379.11"},{"v":379.11,"d":"£379.11"}]
[null,"Heating"]
[174,"Supply and install hot water cylinder including lagging, valves, pipe connections and testing.",1,"each",{"v":961.85,"d":"£961.85"},{"v":961.85,"d":"£961.85"}]
[175,"Supply and install underfloor heating system including insulation, pipes, manifolds, controls and commissioning.",1,"each",{"v":3420.36,"d":"£3,420.36"},{"v":3420.36,"d":"£3,420.36"}]
[176,"Carry out first fix mechanical and electrical installations including pipework, wiring and fittings ready for second fix.",1,"each",{"v":1875,"d":"£1,875.00"},{"v":1875,"d":"£1,875.00"}]
[177,"Provide below-ground drainage connections for services including pipes, gullies, traps, backfilling and testing.",1,"each",{"v":625,"d":"£625.00"},{"v":625,"d":"£625.00"}]
[178,"Allow for mechanical and electrical services provision including associated fittings, testing and commissioning.",1,"each",{"v":9375.1,"d":"£9,375.10"},{"v":9375.1,"d":"£9,375.10"}]
[null,"Plasterboard on battens"]
[179,"Fix plasterboard linings to walls or ceilings including framing, screws, joint tape and beads.",153.9,"m2",{"v":40.51,"d":"£40.51"},{"v":6234.2,"d":"£6,234.20"}]
[180,"Supply and fix battens to support plasterboard linings or finishes including fixings and spacings.",451.3,"m",{"v":6.48,"d":"£6.48"},{"v":2926.14,"d":"£2,926.14"}]
[181,"Apply skim coat plaster to ceilings to achieve smooth finish ready for decoration.",153.9,"m2",{"v":13.16,"d":"£13.16"},{"v":2025.64,"d":"£2,025.64"}]
[182,"Supply and fix accessories such as angle beads, stop beads and jointing materials for plasterboard and plaster finishes.",50,"each",{"v":8.09,"d":"£8.09"},{"v":404.38,"d":"£404.38"}]
[null,"Plasterboard on battens (GF Ceiling)"]
[183,"Fix plasterboard linings to walls or ceilings including framing, screws, joint tape and beads.",74.3,"m2",{"v":19.59,"d":"£19.59"},{"v":1455.42,"d":"£1,455.42"}]
[184,"Supply and fix battens to support plasterboard linings or finishes including fixings and spacings.",219.1,"m",{"v":6.48,"d":"£6.48"},{"v":1419.91,"d":"£1,419.91"}]
[185,"Apply skim coat plaster to ceilings to achieve smooth finish ready for decoration.",74.3,"m2",{"v":13.25,"d":"£13.25"},{"v":984.79,"d":"£984.79"}]
[186,"Supply and fix accessories such as angle beads, stop beads and jointing materials for plasterboard and plaster finishes.",20,"each",{"v":8.09,"d":"£8.09"},{"v":161.75,"d":"£161.75"}]
[null,"Decorating"]
[187,"Prepare and paint ceilings including filling, sanding, priming and applying two coats of emulsion paint.",228.2,"m2",{"v":10.94,"d":"£10.94"},{"v":2497.44,"d":"£2,497.44"}]
[188,"Prepare and paint walls including filling, sanding, priming and applying two coats of emulsion paint.",272.5,"m2",{"v":9.6,"d":"£9.60"},{"v":2615.31,"d":"£2,615.31"}]
[null,"Timber Cladding"]
[189,"Supply and install membrane behind cladding to provide waterproof barrier including laps and fixing to substrate.",65,"m2",{"v":5.34,"d":"£5.34"},{"v":347.42,"d":"£347.42"}]
[190,"Supply and fix support battens for cladding including fixings and spacings to receive external cladding.",166,"m",{"v":6.01,"d":"£6.01"},{"v":998.46,"d":"£998.46"}]
[191,"Supply and install cladding boards or panels to external walls including support battens, fixings, trims and finishing.",65,"m2",{"v":88.39,"d":"£88.39"},{"v":5745.25,"d":"£5,745.25"}]
[192,"Prepare and apply finishing coats to cladding boards including priming, undercoating and painting.",65,"m2",{"v":25.5,"d":"£25.50"},{"v":1657.4,"d":"£1,657.40"}]
[null,"Kitchen"]
[193,"Supply and install kitchen units including base and wall cabinets, worktops, drawers, sink, taps and associated fittings.",1,"each",{"v":10925,"d":"£10,925.00"},{"v":10925,"d":"£10,925.00"}]
[null,"Single Door (FF)"]
[194,"Supply and fix skirting board or architrave to door/window openings including mitres, fixings and priming ready for decoration.",21.6,"m",{"v":28,"d":"£28.00"},{"v":604.8,"d":"£604.80"}]
[195,"Supply and install precast concrete or steel lintels over openings including bearings and installation.",4,"each",{"v":27,"d":"£27.00"},{"v":108.01,"d":"£108.01"}]
[196,"Supply and install internal door including lining, stops, architraves, hinges, handles and latches.",2,"each",{"v":394.18,"d":"£394.18"},{"v":788.36,"d":"£788.36"}]
[null,"Double Door (FF)"]
[197,"Supply and fix skirting board or architrave to door/window openings including mitres, fixings and priming ready for decoration.",12.2,"m",{"v":31.48,"d":"£31.48"},{"v":384.1,"d":"£384.10"}]
[198,"Supply and install precast concrete or steel lintels over openings including bearings and installation.",2,"each",{"v":54.01,"d":"£54.01"},{"v":108.01,"d":"£108.01"}]
[199,"Supply and install internal door including lining, stops, architraves, hinges, handles and latches.",1,"each",{"v":762.23,"d":"£762.23"},{"v":762.23,"d":"£762.23"}]
[null,"Single Pocket Door (FF)"]
[200,"Supply and fix skirting board or architrave to door/window openings including mitres, fixings and priming ready for decoration.",21.6,"m",{"v":28,"d":"£28.00"},{"v":604.8,"d":"£604.80"}]
[201,"Supply and install precast concrete or steel lintels over openings including bearings and installation.",4,"each",{"v":27,"d":"£27.00"},{"v":108.01,"d":"£108.01"}]
[202,"Supply and install internal door including lining, stops, architraves, hinges, handles and latches.",2,"each",{"v":716.92,"d":"£716.92"},{"v":1433.85,"d":"£1,433.85"}]
[null,"Double Sliding Door (FF)"]
[203,"Supply and fix skirting board or architrave to door/window openings including mitres, fixings and priming ready for decoration.",24.4,"m",{"v":27.55,"d":"£27.55"},{"v":672.11,"d":"£672.11"}]
[204,"Supply and install precast concrete or steel lintels over openings including bearings and installation.",4,"each",{"v":54.01,"d":"£54.01"},{"v":216.03,"d":"£216.03"}]
[205,"Supply and install internal door including lining, stops, architraves, hinges, handles and latches.",2,"each",{"v":867.28,"d":"£867.28"},{"v":1734.56,"d":"£1,734.56"}]
[null,"Single Door (FF)"]
[206,"Supply and fix skirting board or architrave to door/window openings including mitres, fixings and priming ready for decoration.",21.6,"m",{"v":28,"d":"£28.00"},{"v":604.8,"d":"£604.80"}]
[207,"Supply and install precast concrete or steel lintels over openings including bearings and installation.",4,"each",{"v":27,"d":"£27.00"},{"v":108.01,"d":"£108.01"}]
[208,"Supply and install internal door including lining, stops, architraves, hinges, handles and latches.",2,"each",{"v":394.18,"d":"£394.18"},{"v":788.36,"d":"£788.36"}]
[null,"Double Door (GF)"]
[209,"Supply and fix skirting board or architrave to door/window openings including mitres, fixings and priming ready for decoration.",12.2,"m",{"v":31.48,"d":"£31.48"},{"v":384.1,"d":"£384.10"}]
[210,"Supply and install precast concrete or steel lintels over openings including bearings and installation.",2,"each",{"v":50.51,"d":"£50.51"},{"v":101.03,"d":"£101.03"}]
[211,"Supply and install internal door including lining, stops, architraves, hinges, handles and latches.",1,"each",{"v":762.23,"d":"£762.23"},{"v":762.23,"d":"£762.23"}]
[null,"Double Folding Door (GF)"]
[212,"Supply and fix skirting board or architrave to door/window openings including mitres, fixings and priming ready for decoration.",12.2,"m",{"v":31.48,"d":"£31.48"},{"v":384.1,"d":"£384.10"}]
[213,"Supply and install precast concrete or steel lintels over openings including bearings and installation.",2,"each",{"v":50.51,"d":"£50.51"},{"v":101.03,"d":"£101.03"}]
[214,"Supply and install internal door including lining, stops, architraves, hinges, handles and latches.",1,"each",{"v":1000.91,"d":"£1,000.91"},{"v":1000.91,"d":"£1,000.91"}]
[null,"Staircase"]
[215,"Supply and install staircase including strings, treads, risers, balustrades and handrails.",1,"each",{"v":1778.96,"d":"£1,778.96"},{"v":1778.96,"d":"£1,778.96"}]
[216,"Prepare and paint woodwork including filling, sanding, priming, undercoating and applying top coats.",8,"m",{"v":17.24,"d":"£17.24"},{"v":137.91,"d":"£137.91"}]
[null,"Balustrade"]
[217,"Prepare and paint woodwork including filling, sanding, priming, undercoating and applying top coats.",46.6,"m",{"v":9.69,"d":"£9.69"},{"v":451.54,"d":"£451.54"}]
[218,"Supply and install balustrade including posts, handrails, balusters, fixings and finishing.",1,"each",{"v":1195.43,"d":"£1,195.43"},{"v":1195.43,"d":"£1,195.43"}]
[null,"Skirting Board"]
[219,"Decorate surfaces including filling, sanding, priming and applying paints, stains or finishes as specified.",155,"m",{"v":11.98,"d":"£11.98"},{"v":1856.25,"d":"£1,856.25"}]
[220,"Supply and fix skirting boards including mitred corners, fixing to walls and priming ready for painting.",155,"m",{"v":13.08,"d":"£13.08"},{"v":2027.91,"d":"£2,027.91"}]
[null,"Window Board"]
[221,"Supply and fix window boards including fixing, jointing and finishing.",14.4,"m",{"v":26.41,"d":"£26.41"},{"v":380.29,"d":"£380.29"}]
[222,"Prepare and decorate window boards including sanding, priming and applying paint finish.",3.9,"m2",{"v":46.53,"d":"£46.53"},{"v":180.09,"d":"£180.09"}]
[null,"Boxing"]
[223,"Supply and fix timber framing for structural or finish purposes including cutting, jointing and fixing.",38.4,"m",{"v":12.11,"d":"£12.11"},{"v":465.21,"d":"£465.21"}]
[224,"Supply and install plywood box linings to openings or recesses including fixings and finishing.",8.6,"m2",{"v":24.25,"d":"£24.25"},{"v":209.49,"d":"£209.49"}]
[null,"Resin"]
[225,"Load and cart away surplus excavated soil from site to a licensed tip as required.",33.5,"m3",{"v":68.24,"d":"£68.24"},{"v":2289.45,"d":"£2,289.45"}]
[226,"Supply and lay geotextile membrane to sub-base of paving or landscaping works.",110,"m2",{"v":3.74,"d":"£3.74"},{"v":411.45,"d":"£411.45"}]
[227,"Construct in-situ concrete slab including reinforcement, placing, compaction, finishing and curing.",11,"m3",{"v":408.76,"d":"£408.76"},{"v":4496.31,"d":"£4,496.31"}]
[228,"Excavate to reduce ground levels to formation including disposal of surplus material and trimming to level.",27.5,"m3",{"v":80.37,"d":"£80.37"},{"v":2210.15,"d":"£2,210.15"}]
[229,"Supply and compact sub-base material to required thickness for paving or driveways.",16.5,"m3",{"v":261.01,"d":"£261.01"},{"v":4306.7,"d":"£4,306.70"}]
[230,"Supply and lay resin bound or bonded surfacing including base preparation, edging and curing.",110,"m2",{"v":47.93,"d":"£47.93"},{"v":5272.44,"d":"£5,272.44"}]
[null,"Fence"]
[231,"Supply and fix gravel boards at base of fencing panels to prevent rot and retain soil.",43,"each",{"v":35.39,"d":"£35.39"},{"v":1521.75,"d":"£1,521.75"}]
[232,"Supply and install gates including frames, posts, hinges, latches and finishes to match fencing.",2,"each",{"v":457.5,"d":"£457.50"},{"v":915,"d":"£915.00"}]
[233,"Supply and place in-situ concrete to foundations or slabs including mixing, transport, laying, compacting and curing.",2,"m3",{"v":373.33,"d":"£373.33"},{"v":739.2,"d":"£739.20"}]
[234,"Decorate surfaces including filling, sanding, priming and applying paints, stains or finishes as specified.",240.1,"m2",{"v":8.39,"d":"£8.39"},{"v":2015.22,"d":"£2,015.22"}]
[235,"Supply and erect timber fencing panels including posts, fixings, treatment and painting.",43,"each",{"v":79.7,"d":"£79.70"},{"v":3427.1,"d":"£3,427.10"}]
[236,"Excavate for foundations, footings or slabs to required levels including removal of spoil, support of sides and keeping excavations free of water.",4.2,"m3",{"v":243.63,"d":"£243.63"},{"v":1029.08,"d":"£1,029.08"}]
[237,"Load and cart away surplus excavated soil from site to a licensed tip as required.",5.2,"m3",{"v":85.4,"d":"£85.40"},{"v":440.1,"d":"£440.10"}]
[238,"Supply and install fence posts including holes, concrete foundations and fixings.",44,"each",{"v":58.5,"d":"£58.50"},{"v":2574.05,"d":"£2,574.05"}]
[null,"Turf"]
[239,"Excavate to reduce ground levels to formation including disposal of surplus material and trimming to level.",5,"m3",{"v":185.17,"d":"£185.17"},{"v":925.84,"d":"£925.84"}]
[240,"Supply and lay cultivated turf or grass seed to prepared soil including watering and maintenance until established.",50,"m2",{"v":10.77,"d":"£10.77"},{"v":538.58,"d":"£538.58"}]
[241,"Cultivate and prepare soil for seeding or planting including fertiliser application and stone removal.",50,"m2",{"v":6.73,"d":"£6.73"},{"v":336.61,"d":"£336.61"}]
[242,"Supply and spread top soil to specified depth including levelling and raking.",5,"m3",{"v":77.57,"d":"£77.57"},{"v":387.86,"d":"£387.86"}]
[243,"Load and cart away surplus excavated soil from site to a licensed tip as required.",6.1,"m3",{"v":73.55,"d":"£73.55"},{"v":448.65,"d":"£448.65"}]
[]
["Sub Total",{"$nulls":4},{"$f":"SUM(F4:F316)","v":{"v":373509.23999999993,"d":"£373,509.24"}}]

{"sheet":"Labour","index":1,"n_rows":201,"n_cols":5,"rows_kept":201,"merged":[[0,0,0,4]]}
["Labour"]
[]
["Description","Quantity","Unit","Rate","Total"]
["All"]
["Laying vapour control",93.8,"m2",{"v":1.8,"d":"£1.80"},{"v":168.88,"d":"£168.88"}]
["Carpentry"]
["Fix solid strutting between joist",23.5,"m",{"v":14.5,"d":"£14.50"},{"v":340.46,"d":"£340.46"}]
["Fix Restraint Strap",2,"each",{"v":14.5,"d":"£14.50"},{"v":29,"d":"£29.00"}]
["Laying  wool insulation between timbers",74.3,"m2",{"v":7.5,"d":"£7.50"},{"v":557.55,"d":"£557.55"}]
["Fixing T&G chipboard flooring",74.3,"m2",{"v":16.48,"d":"£16.48"},{"v":1224.93,"d":"£1,224.93"}]
["Carpenter to fit floor joists",226.8,"m",{"v":7.97,"d":"£7.97"},{"v":1808.72,"d":"£1,808.72"}]
["Carpenter to fit roof collar",103.2,"m",{"v":4.71,"d":"£4.71"},{"v":486.32,"d":"£486.32"}]
["Install rafters",514.2,"m",{"v":4.71,"d":"£4.71"},{"v":2423.16,"d":"£2,423.16"}]
["Fixing plywood",127.2,"m2",{"v":15.23,"d":"£15.23"},{"v":1936.64,"d":"£1,936.64"}]
["Fixing firrings to joists",82,"m",{"v":1.45,"d":"£1.45"},{"v":118.9,"d":"£118.90"}]
["Laying PIR insulation between studs",14.1,"m2",{"v":13.64,"d":"£13.64"},{"v":191.86,"d":"£191.86"}]
["Fixing battens to timber",854,"m",{"v":2.01,"d":"£2.01"},{"v":1719.8,"d":"£1,719.80"}]
["Fixing breather membrane",14.1,"m2",{"v":2.73,"d":"£2.73"},{"v":38.38,"d":"£38.38"}]
["Erect and fix studwork",77,"m",{"v":8.63,"d":"£8.63"},{"v":664.59,"d":"£664.59"}]
["Install rafters",82,"m",{"v":4.53,"d":"£4.53"},{"v":371.56,"d":"£371.56"}]
["Install window header",4,"m",{"v":8.63,"d":"£8.63"},{"v":34.52,"d":"£34.52"}]
["Laying PIR insulation between rafters",22.7,"m2",{"v":13.64,"d":"£13.64"},{"v":309.41,"d":"£309.41"}]
["Install fascia / soffit",7.8,"hour",{"v":36.25,"d":"£36.25"},{"v":282.02,"d":"£282.02"}]
["Erect and fix studwork",297.6,"m",{"v":8.63,"d":"£8.63"},{"v":2568.58,"d":"£2,568.58"}]
["Laying  wool insulation between studs",77.8,"m2",{"v":7.5,"d":"£7.50"},{"v":583.13,"d":"£583.13"}]
["Install ridge",6,"m",{"v":8.7,"d":"£8.70"},{"v":52.2,"d":"£52.20"}]
["Carpenter to fit ceiling joists",58.8,"m",{"v":4.71,"d":"£4.71"},{"v":277.1,"d":"£277.10"}]
["Laying PIR insulation between rafters",153.9,"m2",{"v":13.64,"d":"£13.64"},{"v":2098.64,"d":"£2,098.64"}]
["Carpenter to fit joist hangers",18,"each",{"v":9.06,"d":"£9.06"},{"v":163.13,"d":"£163.13"}]
["Fixing battens to masonry",942.8,"m",{"v":4.53,"d":"£4.53"},{"v":4272.01,"d":"£4,272.01"}]
["Fixing breather membrane",242,"m2",{"v":2.73,"d":"£2.73"},{"v":659.98,"d":"£659.98"}]
["Cutting and fixing in position architraves",125.8,"m",{"v":5.44,"d":"£5.44"},{"v":684.04,"d":"£684.04"}]
["Install timber lintel",12,"each",{"v":15.66,"d":"£15.66"},{"v":187.93,"d":"£187.93"}]
["Fitting a single door lining",6,"each",{"v":29,"d":"£29.00"},{"v":174,"d":"£174.00"}]
["Fitting a tubular latch",11,"each",{"v":30.81,"d":"£30.81"},{"v":338.94,"d":"£338.94"}]
["Fitting handles",16,"each",{"v":10.88,"d":"£10.88"},{"v":174,"d":"£174.00"}]
["Fitting a door",8,"each",{"v":60.42,"d":"£60.42"},{"v":483.34,"d":"£483.34"}]
["Install timber lintel",6,"each",{"v":31.32,"d":"£31.32"},{"v":187.93,"d":"£187.93"}]
["Fitting a double door lining",5,"each",{"v":39.88,"d":"£39.88"},{"v":199.38,"d":"£199.38"}]
["Fitting internal pocket door",2,"each",{"v":163.13,"d":"£163.13"},{"v":326.25,"d":"£326.25"}]
["Fitting internal sliding door",4,"each",{"v":101.5,"d":"£101.50"},{"v":406,"d":"£406.00"}]
["Fitting internal folding door",2,"each",{"v":112.38,"d":"£112.38"},{"v":224.75,"d":"£224.75"}]
["Install window board",14.4,"m",{"v":14.5,"d":"£14.50"},{"v":208.8,"d":"£208.80"}]
["Cutting and fixing  skirting board",155,"m",{"v":7.25,"d":"£7.25"},{"v":1123.75,"d":"£1,123.75"}]
["Install prefabricated staircase",1,"each",{"v":652.5,"d":"£652.50"},{"v":652.5,"d":"£652.50"}]
["Install stair parts",1,"each",{"v":677.88,"d":"£677.88"},{"v":677.88,"d":"£677.88"}]
["Install kitchen",1,"each",{"v":2175,"d":"£2,175.00"},{"v":2175,"d":"£2,175.00"}]
["Decoration"]
["Apply 2 coats of oil, 7.7m2 x 2",15.4,"m2",{"v":9.5,"d":"£9.50"},{"v":146.3,"d":"£146.30"}]
["Applying intumescent paint",46.2,"m2",{"v":10,"d":"£10.00"},{"v":461.8,"d":"£461.80"}]
["Apply 1 coat  of primer, 21.2m2 x 1",21.2,"m2",{"v":5,"d":"£5.00"},{"v":105.9,"d":"£105.90"}]
["Apply 1 coat  of primer, 12.5m2 x 1",25,"m2",{"v":5,"d":"£5.00"},{"v":125,"d":"£125.00"}]
["Apply 2 coats of gloss, 21.6m x 2",129.6,"m",{"v":3.13,"d":"£3.13"},{"v":405,"d":"£405.00"}]
["Apply 1 coat  of primer, 21.6m x 1",64.8,"m",{"v":2.5,"d":"£2.50"},{"v":162,"d":"£162.00"}]
["Apply 1 coat  of undercoat, 21.6m x 1",64.8,"m",{"v":2.5,"d":"£2.50"},{"v":162,"d":"£162.00"}]
["Apply 2 coats of gloss, 8m2 x 2",48,"m2",{"v":11,"d":"£11.00"},{"v":528,"d":"£528.00"}]
["Apply 1 coat  of primer, 8m2 x 1",24,"m2",{"v":5,"d":"£5.00"},{"v":120,"d":"£120.00"}]
["Apply 1 coat  of undercoat, 8m2 x 1",24,"m2",{"v":5,"d":"£5.00"},{"v":120,"d":"£120.00"}]
["Apply 2 coats of gloss, 12.2m x 2",73.2,"m",{"v":3.13,"d":"£3.13"},{"v":228.75,"d":"£228.75"}]
["Apply 1 coat  of primer, 12.2m x 1",36.6,"m",{"v":2.5,"d":"£2.50"},{"v":91.5,"d":"£91.50"}]
["Apply 1 coat  of undercoat, 12.2m x 1",36.6,"m",{"v":2.5,"d":"£2.50"},{"v":91.5,"d":"£91.50"}]
["Apply 2 coats of gloss, 7.4m2 x 2",29.6,"m2",{"v":11,"d":"£11.00"},{"v":325.6,"d":"£325.60"}]
["Apply 1 coat  of primer, 7.4m2 x 1",14.8,"m2",{"v":5,"d":"£5.00"},{"v":74,"d":"£74.00"}]
["Apply 1 coat  of undercoat, 7.4m2 x 1",14.8,"m2",{"v":5,"d":"£5.00"},{"v":74,"d":"£74.00"}]
["Apply 2 coats of gloss, 24.4m x 2",48.8,"m",{"v":3.13,"d":"£3.13"},{"v":152.5,"d":"£152.50"}]
["Apply 1 coat  of primer, 24.4m x 1",24.4,"m",{"v":2.5,"d":"£2.50"},{"v":61,"d":"£61.00"}]
["Apply 1 coat  of undercoat, 24.4m x 1",24.4,"m",{"v":2.5,"d":"£2.50"},{"v":61,"d":"£61.00"}]
["Apply 2 coats of gloss, 14.8m2 x 2",29.6,"m2",{"v":11,"d":"£11.00"},{"v":325.6,"d":"£325.60"}]
["Apply 1 coat  of primer, 14.8m2 x 1",14.8,"m2",{"v":5,"d":"£5.00"},{"v":74,"d":"£74.00"}]
["Apply 1 coat  of undercoat, 14.8m2 x 1",14.8,"m2",{"v":5,"d":"£5.00"},{"v":74,"d":"£74.00"}]
["Apply 2 coats of gloss, 7.3m2 x 2",14.6,"m2",{"v":11,"d":"£11.00"},{"v":160.6,"d":"£160.60"}]
["Apply 1 coat  of primer, 7.3m2 x 1",7.3,"m2",{"v":5,"d":"£5.00"},{"v":36.5,"d":"£36.50"}]
["Apply 1 coat  of undercoat, 7.3m2 x 1",7.3,"m2",{"v":5,"d":"£5.00"},{"v":36.5,"d":"£36.50"}]
["Apply 2 coats of gloss, 3.9m² x 2",7.7,"m2",{"v":11,"d":"£11.00"},{"v":85.14,"d":"£85.14"}]
["Apply 1 coat  of primer, 3.9m² x 1",3.9,"m2",{"v":5,"d":"£5.00"},{"v":19.35,"d":"£19.35"}]
["Apply 1 coat  of undercoat, 3.9m² x 1",3.9,"m2",{"v":5,"d":"£5.00"},{"v":19.35,"d":"£19.35"}]
["Apply 2 coats of gloss, 155m x 2",310,"m",{"v":3.13,"d":"£3.13"},{"v":968.75,"d":"£968.75"}]
["Apply 1 coat  of primer, 155m x 1",155,"m",{"v":2.5,"d":"£2.50"},{"v":387.5,"d":"£387.50"}]
["Apply 1 coat  of undercoat, 155m x 1",155,"m",{"v":2.5,"d":"£2.50"},{"v":387.5,"d":"£387.50"}]
["Apply 1 coat  of gloss 8m x 1",8,"m",{"v":3.13,"d":"£3.13"},{"v":25,"d":"£25.00"}]
["Apply 1 coat  of primer 8m x 1",8,"m",{"v":2.5,"d":"£2.50"},{"v":20,"d":"£20.00"}]
["Apply 1 coat  of undercoat 8m x 1",8,"m",{"v":2.5,"d":"£2.50"},{"v":20,"d":"£20.00"}]
["Apply 1 coat  of gloss 46.6m x 1",46.6,"m",{"v":3.13,"d":"£3.13"},{"v":145.63,"d":"£145.63"}]
["Apply 1 coat  of primer 46.6m x 1",46.6,"m",{"v":2.5,"d":"£2.50"},{"v":116.5,"d":"£116.50"}]
["Apply 1 coat  of undercoat 46.6m x 1",46.6,"m",{"v":2.5,"d":"£2.50"},{"v":116.5,"d":"£116.50"}]
["Painting ceiling - mist coat and 2 full coats, 3 x 228.2m2",684.6,"m2",{"v":3.03,"d":"£3.03"},{"v":2074.55,"d":"£2,074.55"}]
["Painting walls - mist coat and 2 full coats, 3 x 272.5m2",817.5,"m2",{"v":2.58,"d":"£2.58"},{"v":2106.96,"d":"£2,106.96"}]
["Apply 2 coats of oil, 65m2 x 2",130,"m2",{"v":9.5,"d":"£9.50"},{"v":1235,"d":"£1,235.00"}]
["Drainage"]
["Install chambers, covers and fittings",7.4,"hour",{"v":30,"d":"£30.00"},{"v":222,"d":"£222.00"}]
["Install drainage pipes and fittings",13.4,"hour",{"v":30,"d":"£30.00"},{"v":402,"d":"£402.00"}]
["Install aco channels",6,"each",{"v":10,"d":"£10.00"},{"v":60,"d":"£60.00"}]
["Install soakaway crates",7.3,"each",{"v":3.75,"d":"£3.75"},{"v":27.45,"d":"£27.45"}]
["Install rainwater goods and accessories",27.8,"hour",{"v":30,"d":"£30.00"},{"v":834,"d":"£834.00"}]
["Electrics"]
["Electrics 1st Fix",110.2,"hour",{"v":40,"d":"£40.00"},{"v":4406,"d":"£4,406.00"}]
["General Electrics",114.7,"hour",{"v":40,"d":"£40.00"},{"v":4586,"d":"£4,586.00"}]
["New Installation certificate",1,"each",{"v":200,"d":"£200.00"},{"v":200,"d":"£200.00"}]
["Demolition"]
["Remove block paving",15,"m2",{"v":13.5,"d":"£13.50"},{"v":202.5,"d":"£202.50"}]
["Removal top soil",21.5,"m3",{"v":195,"d":"£195.00"},{"v":4192.5,"d":"£4,192.50"}]
["Remove  large tree",1,"each",{"v":750,"d":"£750.00"},{"v":750,"d":"£750.00"}]
["Finishes"]
["Fixing cladding",79.1,"m2",{"v":37.5,"d":"£37.50"},{"v":2965.13,"d":"£2,965.13"}]
["Landscaping"]
["Laying geotextile membrane",121.7,"m2",{"v":1.2,"d":"£1.20"},{"v":145.99,"d":"£145.99"}]
["Laying resin bonded",110,"m2",{"v":33,"d":"£33.00"},{"v":3630,"d":"£3,630.00"}]
["Laying turf",50,"m2",{"v":6.9,"d":"£6.90"},{"v":344.83,"d":"£344.83"}]
["Cultivate 150mm deep, remove stones",50,"m2",{"v":5.36,"d":"£5.36"},{"v":267.86,"d":"£267.86"}]
["Setting gravel board",43,"each",{"v":10.49,"d":"£10.49"},{"v":451.05,"d":"£451.05"}]
["Install gate",2,"each",{"v":145,"d":"£145.00"},{"v":290,"d":"£290.00"}]
["Backfill hole with  concrete",2,"m3",{"v":40,"d":"£40.00"},{"v":79.2,"d":"£79.20"}]
["Painting fence",240.1,"m2",{"v":6,"d":"£6.00"},{"v":1440.42,"d":"£1,440.42"}]
["Setting fence panel",43,"each",{"v":7.5,"d":"£7.50"},{"v":322.5,"d":"£322.50"}]
["Excavating holes (auger)",4.2,"m3",{"v":135,"d":"£135.00"},{"v":569.7,"d":"£569.70"}]
["Setting concrete post",44,"each",{"v":14.4,"d":"£14.40"},{"v":633.6,"d":"£633.60"}]
["Openings"]
["Fit window",1,"each",{"v":124.5,"d":"£124.50"},{"v":124.5,"d":"£124.50"}]
["Install cavity closers",55.6,"m",{"v":5.66,"d":"£5.66"},{"v":314.71,"d":"£314.71"}]
["Install trickle vents",11,"each",{"v":7.5,"d":"£7.50"},{"v":82.5,"d":"£82.50"}]
["Fit window",3,"each",{"v":99,"d":"£99.00"},{"v":297,"d":"£297.00"}]
["Fit window",1,"each",{"v":106.5,"d":"£106.50"},{"v":106.5,"d":"£106.50"}]
["Fit window",2,"each",{"v":105,"d":"£105.00"},{"v":210,"d":"£210.00"}]
["Fit window",2,"each",{"v":96,"d":"£96.00"},{"v":192,"d":"£192.00"}]
["Fit window",1,"each",{"v":103.5,"d":"£103.50"},{"v":103.5,"d":"£103.50"}]
["Fit window",1,"each",{"v":100.5,"d":"£100.50"},{"v":100.5,"d":"£100.50"}]
["Install bifold door",1,"each",{"v":200,"d":"£200.00"},{"v":200,"d":"£200.00"}]
["Plastering"]
["Dot and dabbing plasterboard",323,"m2",{"v":7.5,"d":"£7.50"},{"v":2422.5,"d":"£2,422.50"}]
["Skimming walls",478.5,"m2",{"v":9.09,"d":"£9.09"},{"v":4350,"d":"£4,350.00"}]
["Fixing plasterboard to walls",155.5,"m2",{"v":8.33,"d":"£8.33"},{"v":1295.84,"d":"£1,295.84"}]
["Fixing plasterboard to ceiling",228.2,"m2",{"v":14.29,"d":"£14.29"},{"v":3260,"d":"£3,260.00"}]
["Skimming ceiling",228.2,"m2",{"v":11.54,"d":"£11.54"},{"v":2633.07,"d":"£2,633.07"}]
["Fixing plaster beads and accessories",14,"hour",{"v":30,"d":"£30.00"},{"v":420,"d":"£420.00"}]
["Plumbing"]
["1st Fix  Plumbing",30.1,"hour",{"v":37.5,"d":"£37.50"},{"v":1126.88,"d":"£1,126.88"}]
["2nd Fix Plumbing",41.4,"hour",{"v":37.5,"d":"£37.50"},{"v":1551,"d":"£1,551.00"}]
["Install hot water cylinder",6.4,"hour",{"v":37.5,"d":"£37.50"},{"v":240,"d":"£240.00"}]
["Install wet underfloor heating",53.6,"hour",{"v":37.5,"d":"£37.50"},{"v":2010,"d":"£2,010.00"}]
["Roof"]
["Install GRP roof",26.7,"m2",{"v":44.96,"d":"£44.96"},{"v":1200.06,"d":"£1,200.06"}]
["Install flashings",18,"hour",{"v":37.5,"d":"£37.50"},{"v":675,"d":"£675.00"}]
["Install roof window",3,"each",{"v":249.38,"d":"£249.38"},{"v":748.13,"d":"£748.13"}]
["Install  fascia/soffit 150-300mm",136,"m",{"v":13.82,"d":"£13.82"},{"v":1880.19,"d":"£1,880.19"}]
["Install box end",7,"each",{"v":33.33,"d":"£33.33"},{"v":233.34,"d":"£233.34"}]
["Bedding ridge/hips tiles",16.8,"m",{"v":34.09,"d":"£34.09"},{"v":572.73,"d":"£572.73"}]
["Fix eaves support",33.6,"m",{"v":4.69,"d":"£4.69"},{"v":157.5,"d":"£157.50"}]
["Pointing verges, inc fixing clips",32.2,"m",{"v":19.74,"d":"£19.74"},{"v":635.52,"d":"£635.52"}]
["Fix undercloack",32.2,"m",{"v":5.36,"d":"£5.36"},{"v":172.5,"d":"£172.50"}]
["Fix slates",154.1,"m2",{"v":34.09,"d":"£34.09"},{"v":5253.06,"d":"£5,253.06"}]
["Preparation"]
["General Labourer",120,"hour",{"v":20,"d":"£20.00"},{"v":2400,"d":"£2,400.00"}]
["Site Supervision",160,"hour",{"v":43.75,"d":"£43.75"},{"v":7000,"d":"£7,000.00"}]
["Install temporary fence",105.3,"m",{"v":3.61,"d":"£3.61"},{"v":380.6,"d":"£380.60"}]
["Excavating and Filling"]
["Fill to excavations by hand",8.7,"m3",{"v":27.27,"d":"£27.27"},{"v":235.91,"d":"£235.91"}]
["Load soil to skip by machine",133.9,"m3",{"v":9,"d":"£9.00"},{"v":1204.83,"d":"£1,204.83"}]
["Levelling and compacting bottoms of excavations",296.1,"m2",{"v":2.73,"d":"£2.73"},{"v":807.69,"d":"£807.69"}]
["Excavate Pit by Hand",0.8,"m3",{"v":150,"d":"£150.00"},{"v":127.5,"d":"£127.50"}]
["Excavate trenches by Hand",11.3,"m3",{"v":111.11,"d":"£111.11"},{"v":1252.22,"d":"£1,252.22"}]
["Fill to make up levels by hand",39.1,"m3",{"v":57.6,"d":"£57.60"},{"v":2251.01,"d":"£2,251.01"}]
["Excavate trenches by Machine",32.6,"m3",{"v":48.39,"d":"£48.39"},{"v":1575.96,"d":"£1,575.96"}]
["Spreading and levelling fill",331,"m2",{"v":1.08,"d":"£1.08"},{"v":357.48,"d":"£357.48"}]
["Compacting fill",281,"m2",{"v":1.36,"d":"£1.36"},{"v":383.19,"d":"£383.19"}]
["Excavate reduced levels by Machine",61.3,"m3",{"v":48.39,"d":"£48.39"},{"v":2964.67,"d":"£2,964.67"}]
["Laying Damp Proof Membrane",96.6,"m2",{"v":1.5,"d":"£1.50"},{"v":144.9,"d":"£144.90"}]
["Excavate reduced levels by Hand",5,"m3",{"v":157.89,"d":"£157.89"},{"v":789.48,"d":"£789.48"}]
["Concrete Works"]
["Casting concrete to trench",13.6,"m3",{"v":57,"d":"£57.00"},{"v":778.05,"d":"£778.05"}]
["Mix Concrete on Site",12.9,"m3",{"v":50,"d":"£50.00"},{"v":647,"d":"£647.00"}]
["Casting concrete to slabs",23.8,"m3",{"v":66,"d":"£66.00"},{"v":1572.78,"d":"£1,572.78"}]
["Tamped finish",85.5,"m2",{"v":4.5,"d":"£4.50"},{"v":384.75,"d":"£384.75"}]
["Precast Concrete"]
["Install Padstone",8,"each",{"v":40,"d":"£40.00"},{"v":320,"d":"£320.00"}]
["Install concrete lintel",4,"each",{"v":31,"d":"£31.00"},{"v":124,"d":"£124.00"}]
["Masonry"]
["Filling cavity",1.6,"m3",{"v":81.08,"d":"£81.08"},{"v":133.79,"d":"£133.79"}]
["Laying  concrete blocks",3170.9,"each",{"v":2.71,"d":"£2.71"},{"v":8600.99,"d":"£8,600.99"}]
["Lay damp proof course",98,"m",{"v":3.88,"d":"£3.88"},{"v":379.75,"d":"£379.75"}]
["Laying bricks (half a brick thick)",218.3,"m2",{"v":42.63,"d":"£42.63"},{"v":9302.91,"d":"£9,302.91"}]
["Forming cavity",206,"m2",{"v":1.49,"d":"£1.49"},{"v":307.02,"d":"£307.02"}]
["Laying PIR insulation to cavity wall",206,"m2",{"v":4.65,"d":"£4.65"},{"v":957.9,"d":"£957.90"}]
["Install steel lintel",4,"each",{"v":13.95,"d":"£13.95"},{"v":55.8,"d":"£55.80"}]
["Install steel lintel",4,"each",{"v":11.63,"d":"£11.63"},{"v":46.5,"d":"£46.50"}]
["Install steel lintel",5,"each",{"v":7.75,"d":"£7.75"},{"v":38.75,"d":"£38.75"}]
["Install steel lintel",1,"each",{"v":9.3,"d":"£9.30"},{"v":9.3,"d":"£9.30"}]
["Install steel lintel",1,"each",{"v":77.5,"d":"£77.50"},{"v":77.5,"d":"£77.50"}]
["Install front door",3,"each",{"v":115.38,"d":"£115.38"},{"v":346.15,"d":"£346.15"}]
["Bedding wall plate",32.4,"m",{"v":6.6,"d":"£6.60"},{"v":213.84,"d":"£213.84"}]
["Flooring"]
["Laying floor screed 65-100mm",85.5,"m2",{"v":10,"d":"£10.00"},{"v":855,"d":"£855.00"}]
["Laying insulation to floor",93.8,"m2",{"v":6,"d":"£6.00"},{"v":562.92,"d":"£562.92"}]
["Fix chicken wire",152.8,"m2",{"v":3.75,"d":"£3.75"},{"v":572.85,"d":"£572.85"}]
["Structural"]
["Erecting and setting in position metal beam",125.2,"hour",{"v":30,"d":"£30.00"},{"v":3756,"d":"£3,756.00"}]
["Drilling steel",40,"each",{"v":6,"d":"£6.00"},{"v":240,"d":"£240.00"}]
["Fixing bolts",16,"each",{"v":2.5,"d":"£2.50"},{"v":40,"d":"£40.00"}]
["Other"]
["Labourer",124.1,"hour",{"v":30,"d":"£30.00"},{"v":3722.1,"d":"£3,722.10"}]
[]
["Subtotal",{"$nulls":3},{"$f":"SUM(E1:E200)","v":{"v":159049.08999999997,"d":"£159,049.09"}}]

{"sheet":"Materials","index":2,"n_rows":322,"n_cols":5,"rows_kept":322,"merged":[[0,0,0,4]]}
["Material"]
[]
["Description","Quantity","Unit","Rate","Total"]
["Aggregates"]
["10mm Gravel/Shingle Bulk Bag",9,"each",{"v":81.25,"d":"£81.25"},{"v":731.25,"d":"£731.25"}]
["Ballast Bulk Bag",28,"each",{"v":81.25,"d":"£81.25"},{"v":2275,"d":"£2,275.00"}]
["Blue Circle Mastercrete 25kg",332,"each",{"v":7.81,"d":"£7.81"},{"v":2593.75,"d":"£2,593.75"}]
["Building Sand Bulk Bag",26,"each",{"v":81.25,"d":"£81.25"},{"v":2112.5,"d":"£2,112.50"}]
["Blue Circle Cement 25kg",151,"each",{"v":7.03,"d":"£7.03"},{"v":1060.78,"d":"£1,060.78"}]
["Sharp Sand Bulk Bag",15,"each",{"v":81.25,"d":"£81.25"},{"v":1218.75,"d":"£1,218.75"}]
["MOT Type 1 Sub-base Bulk Bag",67,"bag",{"v":81.25,"d":"£81.25"},{"v":5443.75,"d":"£5,443.75"}]
["Building Sand 25kg Bag",3,"each",{"v":3.85,"d":"£3.85"},{"v":11.55,"d":"£11.55"}]
["1-3 mm Resin Aggregate 25kg bag",75,"bag",{"v":8.74,"d":"£8.74"},{"v":655.31,"d":"£655.31"}]
["Top Soil (20 ton min)",8,"t",{"v":24.69,"d":"£24.69"},{"v":197.5,"d":"£197.50"}]
["Lintels"]
["Cavity Wall Lintel CG150/100  1800mm",4,"each",{"v":138.51,"d":"£138.51"},{"v":554.05,"d":"£554.05"}]
["Cavity Wall Lintel CG150/100  1500mm",4,"each",{"v":115.43,"d":"£115.43"},{"v":461.7,"d":"£461.70"}]
["Cavity Wall Lintel CG150/100  1050mm",1,"each",{"v":80.81,"d":"£80.81"},{"v":80.81,"d":"£80.81"}]
["Cavity Wall Lintel CG150/100  900mm",4,"each",{"v":69.26,"d":"£69.26"},{"v":277.05,"d":"£277.05"}]
["Cavity Wall Lintel CG150/100  1200mm",1,"each",{"v":92.34,"d":"£92.34"},{"v":92.34,"d":"£92.34"}]
["Catnic Open Back Cavity Wall Extra Heavy Duty Lintel 4575mm CX90/100",1,"each",{"v":1128.84,"d":"£1,128.84"},{"v":1128.84,"d":"£1,128.84"}]
["Doors and Joinery"]
["1 x White uPVC Window 1475(W) x 2050(H), Clear glass",1,"each",{"v":459.64,"d":"£459.64"},{"v":459.64,"d":"£459.64"}]
["UPVC Trickle Vent",11,"each",{"v":11.13,"d":"£11.13"},{"v":122.38,"d":"£122.38"}]
["1 x White uPVC Window 910(W) x 900(H), Clear glass",1,"each",{"v":222.91,"d":"£222.91"},{"v":222.91,"d":"£222.91"}]
["1 x White uPVC Window 685(W) x 1200(H), Clear glass",1,"each",{"v":225.09,"d":"£225.09"},{"v":225.09,"d":"£225.09"}]
["1 x White uPVC Window 1250(W) x 1200(H), Clear glass",1,"each",{"v":298.85,"d":"£298.85"},{"v":298.85,"d":"£298.85"}]
["2 x White uPVC Window 1500(W) x 900(H), Obscure glass",2,"each",{"v":395.42,"d":"£395.42"},{"v":790.85,"d":"£790.85"}]
["2 x White uPVC Window 600(W) x 900(H), Obscure glass",2,"each",{"v":285.96,"d":"£285.96"},{"v":571.93,"d":"£571.93"}]
["1 x White uPVC Window 575(W) x 2100(H), Obscure glass",1,"each",{"v":320.09,"d":"£320.09"},{"v":320.09,"d":"£320.09"}]
["1 x White uPVC Window 900(W) x 1050(H), Obscure glass",1,"each",{"v":277.7,"d":"£277.70"},{"v":277.7,"d":"£277.70"}]
["1 x White uPVC Window 400(W) x 2100(H), Obscure glass",1,"each",{"v":274.15,"d":"£274.15"},{"v":274.15,"d":"£274.15"}]
["White uPVC Bifold Door 4.2m",1,"each",{"v":4410.24,"d":"£4,410.24"},{"v":4410.24,"d":"£4,410.24"}]
["Composite Front Door 920 x 2085mm",1,"each",{"v":885.41,"d":"£885.41"},{"v":885.41,"d":"£885.41"}]
["Cottage Panelled White Oak Veneer Front Door & Frame with Letter Plate, (H)2125mm (W)907mm",2,"each",{"v":517.71,"d":"£517.71"},{"v":1035.42,"d":"£1,035.42"}]
["Wickes Geneva White Grained Moulded Cottage Internal Door - 1981 x 762mm",8,"each",{"v":48.75,"d":"£48.75"},{"v":390,"d":"£390.00"}]
["Softwood Door Lining Set + Stops  32 x 115mm",6,"each",{"v":20.76,"d":"£20.76"},{"v":124.57,"d":"£124.57"}]
["Eclipse Fire Door Ball Bearing Hinges 102 x 76mm Pack of 3",8,"pack",{"v":9.34,"d":"£9.34"},{"v":74.7,"d":"£74.70"}]
["Tubular Latch 76 mm",11,"each",{"v":3.63,"d":"£3.63"},{"v":39.88,"d":"£39.88"}]
["Brass Door Handle Pack of 2",16,"pack",{"v":9.89,"d":"£9.89"},{"v":158.2,"d":"£158.20"}]
["Softwood Double Door Lining Set + Stops  32 x 115mm",5,"each",{"v":87.15,"d":"£87.15"},{"v":435.75,"d":"£435.75"}]
["6 Panel Hollow Door  762 x1981mm",6,"each",{"v":48.96,"d":"£48.96"},{"v":293.78,"d":"£293.78"}]
["Henderson Pocket  1 Door Sliding Track System 1601mm",2,"each",{"v":229.16,"d":"£229.16"},{"v":458.33,"d":"£458.33"}]
["Henderson  1 Door Sliding Track System 1449mm",4,"each",{"v":32.81,"d":"£32.81"},{"v":131.25,"d":"£131.25"}]
["Bi-Fold 2 Door Folding Track System 1067mm",2,"each",{"v":36.45,"d":"£36.45"},{"v":72.9,"d":"£72.90"}]
["4 panel Unglazed White Internal Bi-fold Door set,750 x 1950mm",2,"each",{"v":90.63,"d":"£90.63"},{"v":181.25,"d":"£181.25"}]
["Double Winder Staircase, MDF treads and risers",1,"each",{"v":1045.21,"d":"£1,045.21"},{"v":1045.21,"d":"£1,045.21"}]
["Pine 41mm Traditional Turned Spindle 900mm",32,"each",{"v":4.65,"d":"£4.65"},{"v":148.8,"d":"£148.80"}]
["Pine 41mm HDR Profile Heavy Hand Rail 3600mm",2,"each",{"v":70.84,"d":"£70.84"},{"v":141.68,"d":"£141.68"}]
["Pine 90mm Plain Square Full Newel Post 1500mm",2,"each",{"v":43.75,"d":"£43.75"},{"v":87.5,"d":"£87.50"}]
["Pine 41mm Base Rail 3600mm",2,"each",{"v":57.81,"d":"£57.81"},{"v":115.63,"d":"£115.63"}]
["Pine Full Pyramid Cap for 90mm Newel Posts",2,"each",{"v":11.97,"d":"£11.97"},{"v":23.95,"d":"£23.95"}]
["Roofing"]
["Cure-It GRP Resin 20kg",2,"each",{"v":128.91,"d":"£128.91"},{"v":257.82,"d":"£257.82"}]
["Cure-It GRP  450g Chopped Strand Matting 15m x 0.95m",2,"each",{"v":36.09,"d":"£36.09"},{"v":72.17,"d":"£72.17"}]
["Cure-It GRP Coloured Topcoat Anthracite Grey 20kg",1,"each",{"v":216.41,"d":"£216.41"},{"v":216.41,"d":"£216.41"}]
["Cure-It GRP Summer Catalyst 1L",2,"each",{"v":17.49,"d":"£17.49"},{"v":34.98,"d":"£34.98"}]
["Cure-It GRP 75mm Glass Bandage  65m",1,"each",{"v":30.64,"d":"£30.64"},{"v":30.64,"d":"£30.64"}]
["Cure-It Acetone 5L",3,"each",{"v":19.3,"d":"£19.30"},{"v":57.9,"d":"£57.90"}]
["Cure-It GRP - 3 Inch Resin Brush",3,"each",{"v":1.72,"d":"£1.72"},{"v":5.17,"d":"£5.17"}]
["Cure-It GRP - Soft Application 6 Inch Roller Set",1,"each",{"v":2.92,"d":"£2.92"},{"v":2.92,"d":"£2.92"}]
["Cure-It GRP Paddle Roller 6\" (150mm)",2,"each",{"v":8.16,"d":"£8.16"},{"v":16.32,"d":"£16.32"}]
["Cure-It GRP Plain Mixing Bucket 10L",4,"each",{"v":2.54,"d":"£2.54"},{"v":10.15,"d":"£10.15"}]
["Cure-It GRP B230 Raised edge Trim 3m",3,"each",{"v":16.85,"d":"£16.85"},{"v":50.55,"d":"£50.55"}]
["Cure-It GRP A200 Fascia/Drip Trim 3m",3,"each",{"v":16.24,"d":"£16.24"},{"v":48.71,"d":"£48.71"}]
["Cure-It GRP Trim PU Adhesive",2,"each",{"v":8.9,"d":"£8.90"},{"v":17.8,"d":"£17.80"}]
["Code 4 Lead Roll 300mm x 6m",5,"roll",{"v":125.53,"d":"£125.53"},{"v":627.63,"d":"£627.63"}]
["Cromar Vent 3 High Performance 1 x 50m Breathable Felt",3,"each",{"v":85.08,"d":"£85.08"},{"v":255.23,"d":"£255.23"}]
["Velux GGL MK04 Pine Roof WIndow 780 x 980mm",3,"each",{"v":501.25,"d":"£501.25"},{"v":1503.75,"d":"£1,503.75"}]
["Velux EDW MK04 Tile Flashing 780 x 980mm",3,"each",{"v":141.25,"d":"£141.25"},{"v":423.75,"d":"£423.75"}]
["Velux BFX MK04 Underfelt Collar 780 x 980mm",3,"each",{"v":38.75,"d":"£38.75"},{"v":116.25,"d":"£116.25"}]
["Marley Segmental Ridge Tile Natural Red (Fine Sanded)",37,"each",{"v":5.25,"d":"£5.25"},{"v":194.25,"d":"£194.25"}]
["Plastic Eaves Support tray 1.5m",25,"each",{"v":2.69,"d":"£2.69"},{"v":67.19,"d":"£67.19"}]
["Verges clips",161,"each",{"v":1.07,"d":"£1.07"},{"v":173.08,"d":"£173.08"}]
["Undercloak 150 x 1200 mm",27,"each",{"v":3,"d":"£3.00"},{"v":81,"d":"£81.00"}]
["Copper nails 30mm x 1kg",16,"pack",{"v":25,"d":"£25.00"},{"v":400,"d":"£400.00"}]
["SSQ Del Prado Natural Slate 500 x 250mm",3078,"each",{"v":4.3,"d":"£4.30"},{"v":13235.4,"d":"£13,235.40"}]
["Tyvek Supro Breather Membrane 1 x 50m",4,"each",{"v":127.19,"d":"£127.19"},{"v":508.75,"d":"£508.75"}]
["Landscaping"]
["4TRADE Heavy Duty Landscape Fabric 1m x 20m",7,"roll",{"v":46.57,"d":"£46.57"},{"v":326.02,"d":"£326.02"}]
["Bonded Resin - 2 part Kit 17.5",10,"kit",{"v":98.71,"d":"£98.71"},{"v":987.13,"d":"£987.13"}]
["Bulk Turf",50,"m2",{"v":3.88,"d":"£3.88"},{"v":193.75,"d":"£193.75"}]
["Supreme Concrete Recessed Gravel Board 50 x 150 x 1830mm",43,"each",{"v":24.9,"d":"£24.90"},{"v":1070.7,"d":"£1,070.70"}]
["Gate allowance",2,"each",{"v":312.5,"d":"£312.50"},{"v":625,"d":"£625.00"}]
["Blue Circle Ready to Use Postcrete 20kg",88,"each",{"v":7.5,"d":"£7.50"},{"v":660,"d":"£660.00"}]
["Close Board Dip Treated Fence Panel 1830 x 1520mm (5FT)",43,"each",{"v":72.2,"d":"£72.20"},{"v":3104.6,"d":"£3,104.60"}]
["Supreme Concrete  Slotted Fence Post 2440mm (8FT)",41,"each",{"v":39.02,"d":"£39.02"},{"v":1600.03,"d":"£1,600.03"}]
["Supreme Concrete Corner Slotted Fence Post 125 x 125 x 2440mm",3,"each",{"v":113.47,"d":"£113.47"},{"v":340.42,"d":"£340.42"}]
["Electrics"]
["2.5mm²    Twin and Earth Cable  100m Reel",4,"reel",{"v":78.11,"d":"£78.11"},{"v":312.45,"d":"£312.45"}]
["1.5mm²    Twin and Earth Cable  100m Reel",4,"reel",{"v":55.2,"d":"£55.20"},{"v":220.8,"d":"£220.80"}]
["Metal Box  2 Gang 35mm",43,"each",{"v":0.84,"d":"£0.84"},{"v":36.01,"d":"£36.01"}]
["Metal Box  1 Gang 35mm",37,"each",{"v":0.72,"d":"£0.72"},{"v":26.83,"d":"£26.83"}]
["10mm²      Twin and Earth Cable  50m Reel",2,"reel",{"v":171.86,"d":"£171.86"},{"v":343.73,"d":"£343.73"}]
["1.0mm² 3-Core and Earth Cable 100m Reel",1,"reel",{"v":67.6,"d":"£67.60"},{"v":67.6,"d":"£67.60"}]
["Metal Box  1 Gang 47mm",5,"each",{"v":1.2,"d":"£1.20"},{"v":6,"d":"£6.00"}]
["MK DP Switched Socket 13A 2 Gang White",40,"each",{"v":4.68,"d":"£4.68"},{"v":187,"d":"£187.00"}]
["MK Light Switch  1 Gang 2 Way White",18,"each",{"v":2.6,"d":"£2.60"},{"v":46.8,"d":"£46.80"}]
["100mm Low Profile Extractor Fan Humidistat",2,"each",{"v":35.41,"d":"£35.41"},{"v":70.82,"d":"£70.82"}]
["Triton Enrich Manual Electric Shower White 8.5kW",3,"each",{"v":71.86,"d":"£71.86"},{"v":215.59,"d":"£215.59"}]
["MK 13A DP Spur Unit Switched Neon White",6,"each",{"v":11.24,"d":"£11.24"},{"v":67.42,"d":"£67.42"}]
["Mains Smoke Detector With 9V Battery Backup",2,"each",{"v":19.79,"d":"£19.79"},{"v":39.58,"d":"£39.58"}]
["MK Cooker Switch & Socket 45A 1 Gang with Neon White",2,"each",{"v":33.85,"d":"£33.85"},{"v":67.7,"d":"£67.70"}]
["MK Pull Cord Switch 50A with Neon White",3,"each",{"v":18.74,"d":"£18.74"},{"v":56.21,"d":"£56.21"}]
["Fan Isolator Switch 3 Pole",2,"each",{"v":18.59,"d":"£18.59"},{"v":37.17,"d":"£37.17"}]
["Fire Rated Fixed IP65 GU10 Downlight White",50,"each",{"v":12.65,"d":"£12.65"},{"v":632.5,"d":"£632.50"}]
["Mains Heat Alarm With 9V Battery Backup",1,"each",{"v":22.91,"d":"£22.91"},{"v":22.91,"d":"£22.91"}]
["TV Point  Single White",4,"each",{"v":1.04,"d":"£1.04"},{"v":4.15,"d":"£4.15"}]
["BT Telephone Point Slave White",2,"each",{"v":2.17,"d":"£2.17"},{"v":4.35,"d":"£4.35"}]
["RJ45 Cat5E Wall Outlet Double",4,"each",{"v":5.2,"d":"£5.20"},{"v":20.8,"d":"£20.80"}]
["Outdoor Light allowance",7,"each",{"v":31.25,"d":"£31.25"},{"v":218.75,"d":"£218.75"}]
["IP66 Masterseal Plus Socket 2 Gang",1,"each",{"v":43.74,"d":"£43.74"},{"v":43.74,"d":"£43.74"}]
["Consumer Unit Allowance",1,"each",{"v":375,"d":"£375.00"},{"v":375,"d":"£375.00"}]
["Dual Voltage Shaver Socket White",3,"each",{"v":25.66,"d":"£25.66"},{"v":76.99,"d":"£76.99"}]
["Heater Allowance",3,"each",{"v":375,"d":"£375.00"},{"v":1125,"d":"£1,125.00"}]
["Electric Towel Radiator allowance",2,"each",{"v":187.5,"d":"£187.50"},{"v":375,"d":"£375.00"}]
["Plumbing"]
["Full Bore Isolating Valve 15 mm",15,"each",{"v":3.7,"d":"£3.70"},{"v":55.5,"d":"£55.50"}]
["Flexible Hose 15mm x 1/2 x 300mm",11,"each",{"v":2.07,"d":"£2.07"},{"v":22.83,"d":"£22.83"}]
["Copper Pipe Ø15 mm, 3 m Length",37,"each",{"v":10.94,"d":"£10.94"},{"v":404.69,"d":"£404.69"}]
["Fittings allowance",4,"each",{"v":37.5,"d":"£37.50"},{"v":150,"d":"£150.00"}]
["Drainage Pipes and Fittings",5,"each",{"v":625,"d":"£625.00"},{"v":3125,"d":"£3,125.00"}]
["Toilet allowance",3,"each",{"v":187.5,"d":"£187.50"},{"v":562.5,"d":"£562.50"}]
["Basin allowance",2,"each",{"v":150,"d":"£150.00"},{"v":300,"d":"£300.00"}]
["Basin Taps allowance",3,"each",{"v":93.75,"d":"£93.75"},{"v":281.25,"d":"£281.25"}]
["90° Pan Connector",3,"each",{"v":7.69,"d":"£7.69"},{"v":23.06,"d":"£23.06"}]
["Trap and Waste Kit 32mm",3,"each",{"v":23.06,"d":"£23.06"},{"v":69.19,"d":"£69.19"}]
["Shower Tray allowance",2,"each",{"v":187.5,"d":"£187.50"},{"v":375,"d":"£375.00"}]
["Shower Enclosure allowance",2,"each",{"v":250,"d":"£250.00"},{"v":500,"d":"£500.00"}]
["Shower Trap 70 mm Chrome",2,"each",{"v":24.16,"d":"£24.16"},{"v":48.32,"d":"£48.32"}]
["Full Bore Isolating Valve 22 mm",2,"each",{"v":8.31,"d":"£8.31"},{"v":16.63,"d":"£16.63"}]
["Flexible Hose 22mm x 3/4 x 300mm",2,"each",{"v":3.13,"d":"£3.13"},{"v":6.25,"d":"£6.25"}]
["Copper Pipe Ø22 mm, 3 m Length",4,"each",{"v":22.91,"d":"£22.91"},{"v":91.65,"d":"£91.65"}]
["Bath allowance",1,"each",{"v":312.5,"d":"£312.50"},{"v":312.5,"d":"£312.50"}]
["Mixer Tap allowance",1,"each",{"v":125,"d":"£125.00"},{"v":125,"d":"£125.00"}]
["McAlpine Bath trap with waste  Top Access  1 1/2\"",1,"each",{"v":29.63,"d":"£29.63"},{"v":29.63,"d":"£29.63"}]
["Basin allowance",1,"each",{"v":156.25,"d":"£156.25"},{"v":156.25,"d":"£156.25"}]
["Washing Machine Valve With CV 15mm x 3/4",2,"each",{"v":4.26,"d":"£4.26"},{"v":8.53,"d":"£8.53"}]
["Kitchen Sink allowance",1,"each",{"v":62.5,"d":"£62.50"},{"v":62.5,"d":"£62.50"}]
["Kitchen Tap supplied by client",1,"each",0,0]
["Double Bowl Sink Trap Kit 40 mm",1,"each",{"v":25.94,"d":"£25.94"},{"v":25.94,"d":"£25.94"}]
["Washing Machine supplied by client",1,"each",0,0]
["Appliance Trap 40 mm",2,"each",{"v":13.53,"d":"£13.53"},{"v":27.05,"d":"£27.05"}]
["Dishwasher supplied by client",1,"each",0,0]
["Pipes and Fittings allowance",1,"each",{"v":1875,"d":"£1,875.00"},{"v":1875,"d":"£1,875.00"}]
["Materials",1,"each",{"v":6250,"d":"£6,250.00"},{"v":6250,"d":"£6,250.00"}]
["Flooring"]
["Concrete and screed Fibres 900g  (usage 1m3 screed)",7,"each",{"v":22.7,"d":"£22.70"},{"v":158.9,"d":"£158.90"}]
["Chicken Wire/ Mesh Roll 1m x 10m  (10m2)",16,"each",{"v":23.42,"d":"£23.42"},{"v":374.8,"d":"£374.80"}]
["Chipboard Flooring P4 2400 x 600 x 18mm",52,"each",{"v":13.51,"d":"£13.51"},{"v":702.65,"d":"£702.65"}]
["Concrete"]
["Concrete  Mix C25",14,"m3",{"v":146.25,"d":"£146.25"},{"v":2047.5,"d":"£2,047.50"}]
["Concrete  Mix C35",13,"m3",{"v":156.25,"d":"£156.25"},{"v":2031.25,"d":"£2,031.25"}]
["Concrete Part Load Charge",2,"m3",{"v":68.75,"d":"£68.75"},{"v":137.5,"d":"£137.50"}]
["Timber"]
["Sawn Timber  Treated C16/C24   47 x 95mm",21,"m",{"v":2.26,"d":"£2.26"},{"v":47.51,"d":"£47.51"}]
["Posi Joist 72 x 202mm x 5.4m",227,"m",{"v":11.15,"d":"£11.15"},{"v":2531.05,"d":"£2,531.05"}]
["Sawn Timber  Treated C16/C24   47 x 95mm x 3m",78,"m",{"v":2.26,"d":"£2.26"},{"v":176.48,"d":"£176.48"}]
["Sawn Timber  Treated C16/C24   47 x 145mm x 6m",354,"m",{"v":3.4,"d":"£3.40"},{"v":1203.6,"d":"£1,203.60"}]
["Sawn Timber  Treated C16/C24   47 x 95mm x 5.4m",33,"m",{"v":2.26,"d":"£2.26"},{"v":74.66,"d":"£74.66"}]
["Smartply OSB 2440 x 1220 x 18mm",10,"sheet",{"v":23.96,"d":"£23.96"},{"v":239.63,"d":"£239.63"}]
["Softwood treated firring",82,"m",{"v":3.5,"d":"£3.50"},{"v":287,"d":"£287.00"}]
["Treated  Batten 25 x 50mm",724,"m",{"v":1.46,"d":"£1.46"},{"v":1058.85,"d":"£1,058.85"}]
["Smartply OSB 2440 x 1220 x 9mm",5,"sheet",{"v":20.84,"d":"£20.84"},{"v":104.19,"d":"£104.19"}]
["Treated  Batten 25 x 38mm",1021,"m",{"v":1.14,"d":"£1.14"},{"v":1161.39,"d":"£1,161.39"}]
["Studs - Sawn Timber  Treated C16/C24   47 x 95mm",77,"m",{"v":2.26,"d":"£2.26"},{"v":174.21,"d":"£174.21"}]
["Rafters - Sawn Timber  Treated C16/C24   47 x 145mm",82,"m",{"v":3.4,"d":"£3.40"},{"v":278.8,"d":"£278.80"}]
["Header - Sawn Timber  Treated C16/C24   47 x 145mm",4,"m",{"v":3.4,"d":"£3.40"},{"v":13.6,"d":"£13.60"}]
["Sawn Timber  Treated C16/C24   47 x 95mm&lt;br&gt;Studs: 82 x 2.4m. Plates: 14 x 4.8m. Noggins: 7 x 4.8m",298,"m",{"v":2.26,"d":"£2.26"},{"v":674.23,"d":"£674.23"}]
["Smartply OSB 2440 x 1220 x 12mm",27,"sheet",{"v":26.04,"d":"£26.04"},{"v":703.01,"d":"£703.01"}]
["Sawn Timber  Treated C16/C24   47 x 225mm x 6m",6,"m",{"v":6.08,"d":"£6.08"},{"v":36.45,"d":"£36.45"}]
["Sawn Timber  Treated C16/C24   47 x 95mm x 3.6m",26,"m",{"v":2.26,"d":"£2.26"},{"v":58.83,"d":"£58.83"}]
["Sawn Timber  Treated C16/C24   47 x 195mm x 4.2m",59,"m",{"v":4.54,"d":"£4.54"},{"v":267.71,"d":"£267.71"}]
["Sawn Timber  Treated C16/C24   47 x 145mm x 3m",117,"m",{"v":3.4,"d":"£3.40"},{"v":397.8,"d":"£397.80"}]
["47 x 145 mm (2\" x 6\"), Length 4.8 m x 9",44,"m",{"v":3.4,"d":"£3.40"},{"v":149.6,"d":"£149.60"}]
["Treated  Batten 19 x 50mm",33,"m",{"v":1.31,"d":"£1.31"},{"v":43.31,"d":"£43.31"}]
["MDF Primed Torus Architrave 44mm",130,"m",{"v":5.47,"d":"£5.47"},{"v":711.75,"d":"£711.75"}]
["Sawn Timber  Treated C16/C24   47 x 195mm",60,"m",{"v":4.54,"d":"£4.54"},{"v":272.25,"d":"£272.25"}]
["MDF Window Board 25 x 244mm x 4.8m",3,"each",{"v":48.84,"d":"£48.84"},{"v":146.51,"d":"£146.51"}]
["MDF Primed Torus Skirting 144mm",155,"m",{"v":5.31,"d":"£5.31"},{"v":823.44,"d":"£823.44"}]
["Treated  Batten 47 x 50mm",39,"m",{"v":4.11,"d":"£4.11"},{"v":160.39,"d":"£160.39"}]
["Hardwood Plywood 2440 x 1220 x 18mm",3,"sheet",{"v":23.36,"d":"£23.36"},{"v":70.09,"d":"£70.09"}]
["Insulation"]
["Visqueen Vapour Check 500 GA Green 4 x 50m",1,"roll",{"v":150.16,"d":"£150.16"},{"v":150.16,"d":"£150.16"}]
["25mm Celotex Insulation TB3025 Board  2400mm x 1200mm",3,"each",{"v":12.4,"d":"£12.40"},{"v":37.2,"d":"£37.20"}]
["120mm Celotex Insulation XR4120 Board  2400mm x 1200mm",43,"each",{"v":38.75,"d":"£38.75"},{"v":1666.25,"d":"£1,666.25"}]
["Kingspan Kooltherm K108 60mm",206,"m2",{"v":28.2,"d":"£28.20"},{"v":5809.2,"d":"£5,809.20"}]
["Aluminium Foil Tape 100mm x 45m",23,"each",{"v":9.36,"d":"£9.36"},{"v":215.34,"d":"£215.34"}]
["Expanding Foam 750ml",12,"each",{"v":7.96,"d":"£7.96"},{"v":95.55,"d":"£95.55"}]
["Knauf Earthwool Combi Cut 44 Loft Roll Insulation 100mm (13.89m²)",6,"each",{"v":40,"d":"£40.00"},{"v":240,"d":"£240.00"}]
["Aluminium Foil Tape 50mm x 45m",5,"each",{"v":5.2,"d":"£5.20"},{"v":26,"d":"£26.00"}]
["Knauf Earthwool Frametherm Insulation Slab 38 90mm (8m²)",10,"each",{"v":60.63,"d":"£60.63"},{"v":606.25,"d":"£606.25"}]
["150mm Celotex Insulation XR4150 Board  2400mm x 1200mm",54,"each",{"v":47.5,"d":"£47.50"},{"v":2565,"d":"£2,565.00"}]
["Knauf Earthwool Acoustic Partition Roll APR 35 100mm (11m²)",1,"each",{"v":75,"d":"£75.00"},{"v":75,"d":"£75.00"}]
["Masonry"]
["Solid Low Density Concrete Blocks 3.6N 100mm",559,"each",{"v":4.58,"d":"£4.58"},{"v":2557.43,"d":"£2,557.43"}]
["Sika Maxmix Concentrated Plasticiser 1L",5,"each",{"v":13.96,"d":"£13.96"},{"v":69.81,"d":"£69.81"}]
["Damp Proof Course 225mm x 30m",4,"each",{"v":10.41,"d":"£10.41"},{"v":41.65,"d":"£41.65"}]
["London Brick Company Commons",727,"each",{"v":2.11,"d":"£2.11"},{"v":1535.79,"d":"£1,535.79"}]
["Damp Proof Membrane 1200ga  4m x  3m (12m2)",9,"each",{"v":14.04,"d":"£14.04"},{"v":126.34,"d":"£126.34"}]
["Expansion Joint Foam 100 x 10mm x 10m",1,"each",{"v":23.74,"d":"£23.74"},{"v":23.74,"d":"£23.74"}]
["Celcon Standard Aerated Concrete Block 3.6N 100mm",2613,"each",{"v":2.88,"d":"£2.88"},{"v":7512.38,"d":"£7,512.38"}]
["Bricks allowance",12207,"each",{"v":1.13,"d":"£1.13"},{"v":13732.88,"d":"£13,732.88"}]
["Staifix Housing Wall Ties HRT4 250mm   box of 250",4,"pack",{"v":52.06,"d":"£52.06"},{"v":208.25,"d":"£208.25"}]
["Wall Starter Kit Stainless Steel 2 x 1.2m",4,"each",{"v":14.57,"d":"£14.57"},{"v":58.3,"d":"£58.30"}]
["Cavity Closer Double Flange 150mm x 2440mm",28,"each",{"v":15.6,"d":"£15.60"},{"v":436.8,"d":"£436.80"}]
["Precast Concrete"]
["Supreme Concrete Padstone 440mm x 215mm x 102mm",8,"each",{"v":28.81,"d":"£28.81"},{"v":230.5,"d":"£230.50"}]
["Supreme Prestressed Concrete Lintel 65mm x 100mm x 2100mm",4,"each",{"v":19.51,"d":"£19.51"},{"v":78.05,"d":"£78.05"}]
["Builders Metalwork"]
["Heavy Restraint Strap 1000 x 30 x 5mm",2,"each",{"v":5.94,"d":"£5.94"},{"v":11.88,"d":"£11.88"}]
["Heavy Restraint Strap 1200 x 30 x 5mm",19,"each",{"v":7.14,"d":"£7.14"},{"v":135.61,"d":"£135.61"}]
["Standard Joist Hanger 100mm x 250mm  JHA270/100",12,"each",{"v":1.36,"d":"£1.36"},{"v":16.35,"d":"£16.35"}]
["Standard Joist Hanger 44mm x 238mm  JHA270/44",6,"each",{"v":1.33,"d":"£1.33"},{"v":7.95,"d":"£7.95"}]
["Fixings"]
["No Nonsense General Purpose Silicone Clear 310ml",12,"each",{"v":4.99,"d":"£4.99"},{"v":59.85,"d":"£59.85"}]
["Masonry Torx Frame Screw 7.5 x 82mm",152,"each",{"v":0.19,"d":"£0.19"},{"v":28.5,"d":"£28.50"}]
["Galvanised Clout Nails 2.65 x 30mm   1kg Pack",14,"kg",{"v":10.41,"d":"£10.41"},{"v":145.78,"d":"£145.78"}]
["Hex Nut M16 Zinc plated",12,"each",{"v":0.41,"d":"£0.41"},{"v":4.95,"d":"£4.95"}]
["High Tensile Bolt M16 x 60mm",12,"each",{"v":0.65,"d":"£0.65"},{"v":7.8,"d":"£7.80"}]
["Screws 5 x 80mm box of 100",11,"box",{"v":5.51,"d":"£5.51"},{"v":60.64,"d":"£60.64"}]
["Nylon Anchor Hammerfix Screws M6x60mm Box of 50",1,"box",{"v":7.39,"d":"£7.39"},{"v":7.39,"d":"£7.39"}]
["Screws 4.5 x 60mm box of 200",14,"box",{"v":7.8,"d":"£7.80"},{"v":109.2,"d":"£109.20"}]
["Screws 5 x 100mm box of 100",16,"box",{"v":6.66,"d":"£6.66"},{"v":106.6,"d":"£106.60"}]
["Brown Plastic Plugs Box of 100",2,"box",{"v":4.58,"d":"£4.58"},{"v":9.15,"d":"£9.15"}]
["Screws 4 x 50mm box of 200",2,"box",{"v":4.47,"d":"£4.47"},{"v":8.95,"d":"£8.95"}]
["75mm x 3.75 Galvanized Round Wire Nail 1kg Pack",2,"pack",{"v":6.96,"d":"£6.96"},{"v":13.93,"d":"£13.93"}]
["50mm x 2.65 Galvanized Round Wire Nail 1kg Pack",1,"pack",{"v":7.69,"d":"£7.69"},{"v":7.69,"d":"£7.69"}]
["20mm Extra Large Head Galvanised Clout Nail 1kg",1,"pack",{"v":7.49,"d":"£7.49"},{"v":7.49,"d":"£7.49"}]
["White 40mm Plastic Headed Pins x 250",4,"box",{"v":7.16,"d":"£7.16"},{"v":28.65,"d":"£28.65"}]
["Square Twist Nails 3.7 x 30mm  1kg",2,"pack",{"v":6.86,"d":"£6.86"},{"v":13.73,"d":"£13.73"}]
["Nylon Anchor Hammerfix Screws M5x50mm Box of 100",2,"box",{"v":6.31,"d":"£6.31"},{"v":12.63,"d":"£12.63"}]
["Oak 40mm Plastic Headed Pins x 250",1,"box",{"v":7.19,"d":"£7.19"},{"v":7.19,"d":"£7.19"}]
["65mm x 2.65 Galvanized Round Wire Nail 1kg Pack",8,"pack",{"v":7.06,"d":"£7.06"},{"v":56.5,"d":"£56.50"}]
["Nylon Anchor Hammerfix Screws M6x80mm Box of 50",40,"box",{"v":9.57,"d":"£9.57"},{"v":383,"d":"£383.00"}]
["Pinkgrip Grab Adhesive 350ml",41,"each",{"v":4.16,"d":"£4.16"},{"v":170.66,"d":"£170.66"}]
["MitreBond Aerosol kit 2Pcs",11,"each",{"v":10.4,"d":"£10.40"},{"v":114.4,"d":"£114.40"}]
["51mm Paslode galvanised angled brads 16ga 2000 Pack",7,"pack",{"v":34.36,"d":"£34.36"},{"v":240.54,"d":"£240.54"}]
["Rawplug Nylon Frame Fixings 8 x 100mm",77,"each",{"v":0.72,"d":"£0.72"},{"v":55.82,"d":"£55.82"}]
["Metals"]
["UC 203x203x46",40,"m",{"v":83.75,"d":"£83.75"},{"v":3350,"d":"£3,350.00"}]
["Angle Cleats 100 x 100 x 10mm",4,"each",{"v":8.13,"d":"£8.13"},{"v":32.5,"d":"£32.50"}]
["Paints"]
["Ronseal Refined Danish Oil 500ml",37,"each",{"v":12.8,"d":"£12.80"},{"v":473.6,"d":"£473.60"}]
["Thermoguard W Intumescent  Paint 2.5 Ltr",11,"tin",{"v":61.88,"d":"£61.88"},{"v":680.63,"d":"£680.63"}]
["Steel Red Oxide Primer 750ml",10,"tin",{"v":8.11,"d":"£8.11"},{"v":81.13,"d":"£81.13"}]
["Dulux Trade High Gloss Paint White 2.5Ltr",20,"each",{"v":36.46,"d":"£36.46"},{"v":729.25,"d":"£729.25"}]
["Leyland Trade  Acrylic Primer Undercoat White 2.5Ltr",10,"each",{"v":19.79,"d":"£19.79"},{"v":197.88,"d":"£197.88"}]
["Dulux Trade  Wood Primer Undercoat White    2.5Ltr",7,"each",{"v":48.96,"d":"£48.96"},{"v":342.74,"d":"£342.74"}]
["Johnstones Primer White 2.5 Ltr",2,"each",{"v":36.45,"d":"£36.45"},{"v":72.9,"d":"£72.90"}]
["Dulux Trade Matt Emulsion Paint White 10Ltr",9,"each",{"v":60.41,"d":"£60.41"},{"v":543.71,"d":"£543.71"}]
["Dulux Trade Matt Emulsion Paint Magnolia 10Ltr",6,"each",{"v":64.59,"d":"£64.59"},{"v":387.52,"d":"£387.52"}]
["Cuprinol Wood Preserver Clear 5 Ltr",12,"tin",{"v":47.9,"d":"£47.90"},{"v":574.8,"d":"£574.80"}]
["Plasterboards"]
["Gyproc Dry-Wall Adhesive 25kg",72,"bag",{"v":13.88,"d":"£13.88"},{"v":999,"d":"£999.00"}]
["Thistle Multi Finish Plaster 25kg",109,"bag",{"v":9.78,"d":"£9.78"},{"v":1065.47,"d":"£1,065.47"}]
["Drywall Scrim Tape 48mm x 90m",17,"roll",{"v":5.09,"d":"£5.09"},{"v":86.49,"d":"£86.49"}]
["Kingspan K118 Kooltherm Insulated Plasterboard",360,"m2",{"v":25.64,"d":"£25.64"},{"v":9229.5,"d":"£9,229.50"}]
["Thin Coat Angle Bead 2.4m",100,"each",{"v":1.81,"d":"£1.81"},{"v":181.25,"d":"£181.25"}]
["Standard  Plasterboard SE 2400 x 1200 x 12.5mm",95,"sheet",{"v":14.11,"d":"£14.11"},{"v":1340.69,"d":"£1,340.69"}]
["Drywall Screws 38mm Box of 1000",6,"box",{"v":13.54,"d":"£13.54"},{"v":81.23,"d":"£81.23"}]
["Drywall Screws 65mm Box of 500",6,"box",{"v":14.57,"d":"£14.57"},{"v":87.45,"d":"£87.45"}]
["Thin Coat Angle Bead 3m",70,"each",{"v":2.09,"d":"£2.09"},{"v":146.13,"d":"£146.13"}]
["Standard  Plasterboard TE 2400 x 1200 x 12.5mm",26,"sheet",{"v":14.11,"d":"£14.11"},{"v":366.93,"d":"£366.93"}]
["Wall Finishes"]
["Softwood Shiplap Cladding 12 x 121 x 2400mm",55,"each",{"v":4.25,"d":"£4.25"},{"v":233.75,"d":"£233.75"}]
["Exterior Screws C2 40mm box of 350",5,"box",{"v":14.44,"d":"£14.44"},{"v":72.19,"d":"£72.19"}]
["Timber Cladding allowance",65,"m2",{"v":50,"d":"£50.00"},{"v":3250,"d":"£3,250.00"}]
["Drainage"]
["Circular Plastic Cover & Frame Ø450mm",2,"each",{"v":25.74,"d":"£25.74"},{"v":51.48,"d":"£51.48"}]
["Manhole Riser Ø450mm x 235 mm (H)",4,"each",{"v":42.66,"d":"£42.66"},{"v":170.65,"d":"£170.65"}]
["5 Inlets Inspection Chamber Base  Ø450mm x 290mm (H)",2,"each",{"v":45.69,"d":"£45.69"},{"v":91.38,"d":"£91.38"}]
["Underground Pipe 3m - Single Socket 110mm",10,"each",{"v":16.8,"d":"£16.80"},{"v":168,"d":"£168.00"}]
["Back Inlet Bottle Gully-Round",5,"each",{"v":37.91,"d":"£37.91"},{"v":189.56,"d":"£189.56"}]
["Rodding Points Square Spigot 110mm",2,"each",{"v":34.36,"d":"£34.36"},{"v":68.72,"d":"£68.72"}]
["Underground Pipe 3m - Plain Ended 110mm",10,"each",{"v":15.82,"d":"£15.82"},{"v":158.25,"d":"£158.25"}]
["Pipe Coupling Double Socket 110mm",10,"each",{"v":5.4,"d":"£5.40"},{"v":54,"d":"£54.00"}]
["Adjustable Bend 110mm",5,"each",{"v":18.63,"d":"£18.63"},{"v":93.13,"d":"£93.13"}]
["Galvanised Top Domestic Channel Drain x 1m",6,"each",{"v":12.7,"d":"£12.70"},{"v":76.2,"d":"£76.20"}]
["Single Socket Soil Pipe Black 3m x 110mm",1,"each",{"v":21.72,"d":"£21.72"},{"v":21.72,"d":"£21.72"}]
["Plain End Soil Pipe Black 3m x 110mm",1,"each",{"v":25.26,"d":"£25.26"},{"v":25.26,"d":"£25.26"}]
["Single Socket Access Pipe Black - 110mm",1,"each",{"v":22.91,"d":"£22.91"},{"v":22.91,"d":"£22.91"}]
["Pipe Clip Black - 110mm",3,"each",{"v":2.16,"d":"£2.16"},{"v":6.49,"d":"£6.49"}]
["Weathering Collar Black - 110mm",1,"each",{"v":4.63,"d":"£4.63"},{"v":4.63,"d":"£4.63"}]
["92.5° Bend Double Socket Black - 110mm",1,"each",{"v":14.46,"d":"£14.46"},{"v":14.46,"d":"£14.46"}]
["Rubber Boss Adaptor 32mm",1,"each",{"v":2.09,"d":"£2.09"},{"v":2.09,"d":"£2.09"}]
["Rubber Boss Adaptor 40mm",1,"each",{"v":2.34,"d":"£2.34"},{"v":2.34,"d":"£2.34"}]
["Strap Boss Black 32,40mm - 110mm",2,"each",{"v":6.91,"d":"£6.91"},{"v":13.83,"d":"£13.83"}]
["Soakaway Crate 1.0 x 0.5 x 0.4m",11,"each",{"v":41.19,"d":"£41.19"},{"v":453.06,"d":"£453.06"}]
["Half Round Fascia Bracket - Black",52,"each",{"v":0.88,"d":"£0.88"},{"v":45.5,"d":"£45.50"}]
["Half Round External Stop End - Black",10,"each",{"v":1.85,"d":"£1.85"},{"v":18.5,"d":"£18.50"}]
["Half Round Running Outlet - Black",6,"each",{"v":3.79,"d":"£3.79"},{"v":22.73,"d":"£22.73"}]
["Half Round Union Bracket - Black",17,"each",{"v":2.59,"d":"£2.59"},{"v":43.99,"d":"£43.99"}]
["Round Downpipe 2.5 m lengths 68mm - Black",8,"each",{"v":10.11,"d":"£10.11"},{"v":80.9,"d":"£80.90"}]
["Round Shoe 68 mm - Black",6,"each",{"v":3.94,"d":"£3.94"},{"v":23.63,"d":"£23.63"}]
["Half Round Clip 68 mm - Black",26,"each",{"v":0.98,"d":"£0.98"},{"v":25.35,"d":"£25.35"}]
["Round Bend 92.5° Black 68 mm",8,"each",{"v":3.38,"d":"£3.38"},{"v":27,"d":"£27.00"}]
["Half Round Gutter 3 m length - Black",15,"each",{"v":7.18,"d":"£7.18"},{"v":107.63,"d":"£107.63"}]
["Round Socket 68 mm Black",6,"each",{"v":1.96,"d":"£1.96"},{"v":11.78,"d":"£11.78"}]
["Round Bend 112.5° Black 68 mm",4,"each",{"v":3.38,"d":"£3.38"},{"v":13.5,"d":"£13.50"}]
["Heating"]
["RM Prostel Unvented Direct Cylinder 300L",1,"each",{"v":721.85,"d":"£721.85"},{"v":721.85,"d":"£721.85"}]
["Heatmiser Touch-W",5,"each",{"v":63.32,"d":"£63.32"},{"v":316.63,"d":"£316.63"}]
["ProWarm™ Standard Output - 87m2",1,"each",{"v":1093.74,"d":"£1,093.74"},{"v":1093.74,"d":"£1,093.74"}]
["Plastics"]
["uPVC White Solid Soffit Board 9 x 250mm x 5m",11,"each",{"v":41.49,"d":"£41.49"},{"v":456.36,"d":"£456.36"}]
["uPVC White Fascia Board 18 x 200mm x 5m",17,"each",{"v":54.45,"d":"£54.45"},{"v":925.65,"d":"£925.65"}]
["White External Corner 500mm",9,"each",{"v":4.88,"d":"£4.88"},{"v":43.88,"d":"£43.88"}]
["White External Corner 300mm",8,"each",{"v":2.19,"d":"£2.19"},{"v":17.5,"d":"£17.50"}]
["White Fascia Joiner",1,"each",{"v":5.2,"d":"£5.20"},{"v":5.2,"d":"£5.20"}]
["uPVC White Vented Soffit Board 9 x 400mm x 2.5m",14,"each",{"v":41.51,"d":"£41.51"},{"v":581.17,"d":"£581.17"}]
["uPVC White Fascia Board 18 x 400mm x 5m",1,"each",{"v":123.84,"d":"£123.84"},{"v":123.84,"d":"£123.84"}]
["Kitchen / Bathroom"]
["Kitchen allowance",1,"each",{"v":8750,"d":"£8,750.00"},{"v":8750,"d":"£8,750.00"}]
["Cooker / Hob supplied by client",1,"each",0,0]
["Oven supplied by client",1,"each",0,0]
["Extractor Hood supplied by client",1,"each",0,0]
["Other"]
["Regular Diesel",406,"l",{"v":2.38,"d":"£2.38"},{"v":964.25,"d":"£964.25"}]
["Sign Boards",1,"each",{"v":125,"d":"£125.00"},{"v":125,"d":"£125.00"}]
[]
["Subtotal",{"$nulls":3},{"$f":"SUM(E1:E321)","v":{"v":177723.73000000007,"d":"£177,723.73"}}]

{"sheet":"Plant and Tools","index":3,"n_rows":56,"n_cols":6,"rows_kept":56,"merged":[[0,0,0,5]]}
["Plant & Tool"]
[]
["Description","Quantity","Term","Unit","Rate","Total"]
["Access"]
["Provide Scaffolding for 8 weeks, Height -  4.8m, Width -  55m",1,1,"each",{"v":9504,"d":"£9,504.00"},{"v":9504,"d":"£9,504.00"}]
["Dumpers"]
["1 Tonne Skip Loader",1,1,"day",{"v":75,"d":"£75.00"},{"v":75,"d":"£75.00"}]
["1 Tonne Skip Loader",1,1,"day",{"v":75,"d":"£75.00"},{"v":75,"d":"£75.00"}]
["1 Tonne Skip Loader",1,1,"day",{"v":75,"d":"£75.00"},{"v":75,"d":"£75.00"}]
["1 Tonne Skip Loader",1,1,"day",{"v":75,"d":"£75.00"},{"v":75,"d":"£75.00"}]
["1 Tonne Skip Loader",1,1,"day",{"v":75,"d":"£75.00"},{"v":75,"d":"£75.00"}]
["1 Tonne Skip Loader",1,1,"day",{"v":75,"d":"£75.00"},{"v":75,"d":"£75.00"}]
["1 Tonne Skip Loader",1,1,"day",{"v":75,"d":"£75.00"},{"v":75,"d":"£75.00"}]
["1 Tonne Skip Loader",1,1,"day",{"v":75,"d":"£75.00"},{"v":75,"d":"£75.00"}]
["1 Tonne Skip Loader",1,1,"day",{"v":75,"d":"£75.00"},{"v":75,"d":"£75.00"}]
["1 Tonne Skip Loader",1,1,"day",{"v":75,"d":"£75.00"},{"v":75,"d":"£75.00"}]
["Excavators"]
["1.5 Tonne Excavator",1,4,"day",{"v":60.16,"d":"£60.16"},{"v":240.63,"d":"£240.63"}]
["1.5 Tonne Excavator",1,5,"day",{"v":48.13,"d":"£48.13"},{"v":240.63,"d":"£240.63"}]
["1.5 Tonne Excavator",1,1,"day",{"v":68.75,"d":"£68.75"},{"v":68.75,"d":"£68.75"}]
["1.5 Tonne Excavator",1,4,"day",{"v":60.16,"d":"£60.16"},{"v":240.63,"d":"£240.63"}]
["1.5 Tonne Excavator",1,3,"day",{"v":80.21,"d":"£80.21"},{"v":240.63,"d":"£240.63"}]
["Post Hole Auger Digger Attachment 6, 9 & 12\"",1,3,"day",{"v":72.92,"d":"£72.92"},{"v":218.75,"d":"£218.75"}]
["Gardening"]
["Rotavator Hydraulica",1,1,"day",{"v":68.75,"d":"£68.75"},{"v":68.75,"d":"£68.75"}]
["Skips"]
["2 Yard Skip      1.2m(L) x 0.61(W) x 0.76(H)",1,"-","each",{"v":135,"d":"£135.00"},{"v":135,"d":"£135.00"}]
["6 Yard Skip      2.6m(L) x 1.5(W) x 1.2(H)",1,"-","each",{"v":247.5,"d":"£247.50"},{"v":247.5,"d":"£247.50"}]
["Rubble Sack 30kg",22,1,"each",{"v":4.38,"d":"£4.38"},{"v":96.25,"d":"£96.25"}]
["4 Yard Skip      1.8m(L) x 1.3(W) x 1.0(H)",1,"-","each",{"v":190,"d":"£190.00"},{"v":190,"d":"£190.00"}]
["8 Yard Skip      3.6m(L) x 1.7(W) x 1.2(H)",6,"-","each",{"v":318.75,"d":"£318.75"},{"v":1912.5,"d":"£1,912.50"}]
["8 Yard Skip      3.6m(L) x 1.7(W) x 1.2(H)",7,"-","each",{"v":318.75,"d":"£318.75"},{"v":2231.25,"d":"£2,231.25"}]
["8 Yard Skip      3.6m(L) x 1.7(W) x 1.2(H)",2,"-","each",{"v":318.75,"d":"£318.75"},{"v":637.5,"d":"£637.50"}]
["8 Yard Skip      3.6m(L) x 1.7(W) x 1.2(H)",10,"-","each",{"v":318.75,"d":"£318.75"},{"v":3187.5,"d":"£3,187.50"}]
["8 Yard Skip      3.6m(L) x 1.7(W) x 1.2(H)",7,"-","each",{"v":318.75,"d":"£318.75"},{"v":2231.25,"d":"£2,231.25"}]
["8 Yard Skip      3.6m(L) x 1.7(W) x 1.2(H)",6,"-","each",{"v":318.75,"d":"£318.75"},{"v":1912.5,"d":"£1,912.50"}]
["8 Yard Skip      3.6m(L) x 1.7(W) x 1.2(H)",1,"-","each",{"v":318.75,"d":"£318.75"},{"v":318.75,"d":"£318.75"}]
["8 Yard Skip      3.6m(L) x 1.7(W) x 1.2(H)",1,"-","each",{"v":318.75,"d":"£318.75"},{"v":318.75,"d":"£318.75"}]
["Portable Toilet"]
["Portable Toilet 5ft x 4ft",1,30,"week",{"v":37.5,"d":"£37.50"},{"v":1125,"d":"£1,125.00"}]
["Container"]
["Steel Container  8ft x 8ft",1,30,"week",{"v":26.25,"d":"£26.25"},{"v":787.5,"d":"£787.50"}]
["Fencing & Barriers"]
["Delivery and Collection Cost",1,"-","each",{"v":56.25,"d":"£56.25"},{"v":56.25,"d":"£56.25"}]
["Delivery and Collection Cost",1,"-","each",{"v":56.25,"d":"£56.25"},{"v":56.25,"d":"£56.25"}]
["Delivery and Collection Cost",1,"-","each",{"v":56.25,"d":"£56.25"},{"v":56.25,"d":"£56.25"}]
["Delivery cost",1,"-","each",{"v":81.25,"d":"£81.25"},{"v":81.25,"d":"£81.25"}]
["Delivery and Collection Cost",1,"-","each",{"v":56.25,"d":"£56.25"},{"v":56.25,"d":"£56.25"}]
["Heras Fence Panel Standard  3.5m x 2m",29,30,"week",{"v":8.5,"d":"£8.50"},{"v":7395,"d":"£7,395.00"}]
["Pedestrian Gate For 1.1m Heras Fence",1,30,"week",{"v":6.13,"d":"£6.13"},{"v":183.75,"d":"£183.75"}]
["Vehicle Gate 4.2m - Heras Fence",1,30,"week",{"v":38.25,"d":"£38.25"},{"v":1147.5,"d":"£1,147.50"}]
["Delivery and Collection Cost",1,"-","each",{"v":350,"d":"£350.00"},{"v":350,"d":"£350.00"}]
["Delivery and Collection Cost",1,"-","each",{"v":56.25,"d":"£56.25"},{"v":56.25,"d":"£56.25"}]
["Delivery and Collection Cost",1,"-","each",{"v":56.25,"d":"£56.25"},{"v":56.25,"d":"£56.25"}]
[]
["Subtotal",{"$nulls":4},{"$f":"SUM(F5:F54)","v":{"v":36399.02,"d":"£36,399.02"}}]

{"sheet":"Other costs","index":4,"n_rows":8,"n_cols":5,"rows_kept":8,"merged":[[0,0,0,4]]}
["Other costs"]
[]
["Description","Quantity","Unit","Rate","Total"]
["Lump sum"]
["Preliminaries"]
["Safety, First Aid, Protective clothings",1,"each",{"v":337.5,"d":"£337.50"},{"v":337.5,"d":"£337.50"}]
[]
["Subtotal",{"$nulls":3},{"$f":"E6","v":{"v":337.5,"d":"£337.50"}}]

{"sheet":"Profit","index":5,"n_rows":87,"n_cols":4,"rows_kept":87,"merged":[[0,0,0,3]]}
["Profits: Total"]
[]
["Description","Costs","Revenue","Profit"]
["Site Work"]
["Site Work",{"v":31830,"d":"£31,830.00"},{"v":39812,"d":"£39,812.00"},{"v":7982,"d":"£7,982.00"}]
["General Preliminaries",{"v":9140,"d":"£9,140.00"},{"v":11450,"d":"£11,450.00"},{"v":2310,"d":"£2,310.00"}]
["Fences and Barriers",{"v":7330,"d":"£7,330.00"},{"v":9163,"d":"£9,163.00"},{"v":1833,"d":"£1,833.00"}]
["Site Equipment",{"v":1855,"d":"£1,855.00"},{"v":2319,"d":"£2,319.00"},{"v":464,"d":"£464.00"}]
["Demolition / Removal",{"v":5901,"d":"£5,901.00"},{"v":7376,"d":"£7,376.00"},{"v":1475,"d":"£1,475.00"}]
["Scaffolding",{"v":7603,"d":"£7,603.00"},{"v":9504,"d":"£9,504.00"},{"v":1901,"d":"£1,901.00"}]
["Site Drainage"]
["Site Drainage",{"v":5054,"d":"£5,054.00"},{"v":6318,"d":"£6,318.00"},{"v":1264,"d":"£1,264.00"}]
["SVP",{"v":169,"d":"£169.00"},{"v":211,"d":"£211.00"},{"v":42,"d":"£42.00"}]
["Surface Water Manhole",{"v":853,"d":"£853.00"},{"v":1066,"d":"£1,066.00"},{"v":213,"d":"£213.00"}]
["Surface Water Drainage run",{"v":2270,"d":"£2,270.00"},{"v":2838,"d":"£2,838.00"},{"v":568,"d":"£568.00"}]
["Aco Channels",{"v":785,"d":"£785.00"},{"v":981,"d":"£981.00"},{"v":196,"d":"£196.00"}]
["Soakaway",{"v":977,"d":"£977.00"},{"v":1222,"d":"£1,222.00"},{"v":244,"d":"£244.00"}]
["Substructure"]
["Substructure",{"v":27487,"d":"£27,487.00"},{"v":34358,"d":"£34,358.00"},{"v":6872,"d":"£6,872.00"}]
["Strip Foundation",{"v":4829,"d":"£4,829.00"},{"v":6037,"d":"£6,037.00"},{"v":1207,"d":"£1,207.00"}]
["Trench Foundation (Historic Septic Tank Area)",{"v":1918,"d":"£1,918.00"},{"v":2397,"d":"£2,397.00"},{"v":479,"d":"£479.00"}]
["Cavity Walls Below DPC",{"v":6067,"d":"£6,067.00"},{"v":7583,"d":"£7,583.00"},{"v":1517,"d":"£1,517.00"}]
["Concrete Floor",{"v":14673,"d":"£14,673.00"},{"v":18341,"d":"£18,341.00"},{"v":3668,"d":"£3,668.00"}]
["Structure"]
["Structure",{"v":127208,"d":"£127,208.00"},{"v":159010,"d":"£159,010.00"},{"v":31802,"d":"£31,802.00"}]
["Cavity Wall",{"v":42624,"d":"£42,624.00"},{"v":53280,"d":"£53,280.00"},{"v":10656,"d":"£10,656.00"}]
["Block Wall",{"v":6805,"d":"£6,805.00"},{"v":8506,"d":"£8,506.00"},{"v":1701,"d":"£1,701.00"}]
["Timber Stud Wall",{"v":8149,"d":"£8,149.00"},{"v":10186,"d":"£10,186.00"},{"v":2037,"d":"£2,037.00"}]
["Window Type 1",{"v":688,"d":"£688.00"},{"v":860,"d":"£860.00"},{"v":172,"d":"£172.00"}]
["Window Type 2",{"v":431,"d":"£431.00"},{"v":539,"d":"£539.00"},{"v":108,"d":"£108.00"}]
["Window Type 3",{"v":404,"d":"£404.00"},{"v":505,"d":"£505.00"},{"v":101,"d":"£101.00"}]
["Window Type 4",{"v":523,"d":"£523.00"},{"v":654,"d":"£654.00"},{"v":131,"d":"£131.00"}]
["Window Type 5",{"v":1164,"d":"£1,164.00"},{"v":1455,"d":"£1,455.00"},{"v":291,"d":"£291.00"}]
["Window Type 6",{"v":832,"d":"£832.00"},{"v":1040,"d":"£1,040.00"},{"v":208,"d":"£208.00"}]
["Window Type 7",{"v":482,"d":"£482.00"},{"v":603,"d":"£603.00"},{"v":121,"d":"£121.00"}]
["Window Type 8",{"v":457,"d":"£457.00"},{"v":572,"d":"£572.00"},{"v":114,"d":"£114.00"}]
["Window Type 9",{"v":441,"d":"£441.00"},{"v":552,"d":"£552.00"},{"v":110,"d":"£110.00"}]
["Bifold Door",{"v":4718,"d":"£4,718.00"},{"v":5898,"d":"£5,898.00"},{"v":1180,"d":"£1,180.00"}]
["Composite Door",{"v":966,"d":"£966.00"},{"v":1208,"d":"£1,208.00"},{"v":242,"d":"£242.00"}]
["Wooden Door",{"v":1483,"d":"£1,483.00"},{"v":1854,"d":"£1,854.00"},{"v":371,"d":"£371.00"}]
["Universal Column",{"v":3342,"d":"£3,342.00"},{"v":4177,"d":"£4,177.00"},{"v":835,"d":"£835.00"}]
["Connection",{"v":260,"d":"£260.00"},{"v":325,"d":"£325.00"},{"v":65,"d":"£65.00"}]
["Floor",{"v":6797,"d":"£6,797.00"},{"v":8497,"d":"£8,497.00"},{"v":1699,"d":"£1,699.00"}]
["Apex Roof (Main Roof)",{"v":3063,"d":"£3,063.00"},{"v":3829,"d":"£3,829.00"},{"v":766,"d":"£766.00"}]
["Apex Roof (Storage Area)",{"v":1628,"d":"£1,628.00"},{"v":2035,"d":"£2,035.00"},{"v":407,"d":"£407.00"}]
["Flat Roof",{"v":7522,"d":"£7,522.00"},{"v":9402,"d":"£9,402.00"},{"v":1880,"d":"£1,880.00"}]
["Slate Range",{"v":19767,"d":"£19,767.00"},{"v":24708,"d":"£24,708.00"},{"v":4942,"d":"£4,942.00"}]
["Pitched Roof Windows",{"v":2688,"d":"£2,688.00"},{"v":3360,"d":"£3,360.00"},{"v":672,"d":"£672.00"}]
["Rafters Insulation",{"v":3731,"d":"£3,731.00"},{"v":4664,"d":"£4,664.00"},{"v":933,"d":"£933.00"}]
["Upvc",{"v":3492,"d":"£3,492.00"},{"v":4365,"d":"£4,365.00"},{"v":873,"d":"£873.00"}]
["Rainwater Goods",{"v":777,"d":"£777.00"},{"v":971,"d":"£971.00"},{"v":194,"d":"£194.00"}]
["Universal Column (Ridge Beam)",{"v":1988,"d":"£1,988.00"},{"v":2484,"d":"£2,484.00"},{"v":497,"d":"£497.00"}]
["Universal Column (Dormer Beam)",{"v":1988,"d":"£1,988.00"},{"v":2484,"d":"£2,484.00"},{"v":497,"d":"£497.00"}]
["Services"]
["Services",{"v":31108,"d":"£31,108.00"},{"v":38885,"d":"£38,885.00"},{"v":7777,"d":"£7,777.00"}]
["Electrics",{"v":11114,"d":"£11,114.00"},{"v":13893,"d":"£13,893.00"},{"v":2779,"d":"£2,779.00"}]
["En Suite 1 Plumbing",{"v":1977,"d":"£1,977.00"},{"v":2471,"d":"£2,471.00"},{"v":494,"d":"£494.00"}]
["En Suite 2 Plumbing",{"v":1977,"d":"£1,977.00"},{"v":2471,"d":"£2,471.00"},{"v":494,"d":"£494.00"}]
["Bathroom Plumbing",{"v":1931,"d":"£1,931.00"},{"v":2413,"d":"£2,413.00"},{"v":483,"d":"£483.00"}]
["Kitchen Plumbing",{"v":1103,"d":"£1,103.00"},{"v":1379,"d":"£1,379.00"},{"v":276,"d":"£276.00"}]
["Heating",{"v":13006,"d":"£13,006.00"},{"v":16257,"d":"£16,257.00"},{"v":3251,"d":"£3,251.00"}]
["Finishes"]
["Finishes",{"v":48673,"d":"£48,673.00"},{"v":60841,"d":"£60,841.00"},{"v":12168,"d":"£12,168.00"}]
["Plasterboard on battens",{"v":9272,"d":"£9,272.00"},{"v":11590,"d":"£11,590.00"},{"v":2318,"d":"£2,318.00"}]
["Plasterboard on battens (GF Ceiling)",{"v":3218,"d":"£3,218.00"},{"v":4022,"d":"£4,022.00"},{"v":804,"d":"£804.00"}]
["Decorating",{"v":4090,"d":"£4,090.00"},{"v":5113,"d":"£5,113.00"},{"v":1023,"d":"£1,023.00"}]
["Timber Cladding",{"v":6999,"d":"£6,999.00"},{"v":8749,"d":"£8,749.00"},{"v":1750,"d":"£1,750.00"}]
["Kitchen",{"v":8740,"d":"£8,740.00"},{"v":10925,"d":"£10,925.00"},{"v":2185,"d":"£2,185.00"}]
["Single Door (FF)",{"v":1201,"d":"£1,201.00"},{"v":1501,"d":"£1,501.00"},{"v":300,"d":"£300.00"}]
["Double Door (FF)",{"v":1003,"d":"£1,003.00"},{"v":1254,"d":"£1,254.00"},{"v":251,"d":"£251.00"}]
["Single Pocket Door (FF)",{"v":1717,"d":"£1,717.00"},{"v":2147,"d":"£2,147.00"},{"v":429,"d":"£429.00"}]
["Double Sliding Door (FF)",{"v":2098,"d":"£2,098.00"},{"v":2623,"d":"£2,623.00"},{"v":525,"d":"£525.00"}]
["Single Door (FF)",{"v":1201,"d":"£1,201.00"},{"v":1501,"d":"£1,501.00"},{"v":300,"d":"£300.00"}]
["Double Door (GF)",{"v":998,"d":"£998.00"},{"v":1247,"d":"£1,247.00"},{"v":249,"d":"£249.00"}]
["Double Folding Door (GF)",{"v":1189,"d":"£1,189.00"},{"v":1486,"d":"£1,486.00"},{"v":297,"d":"£297.00"}]
["Staircase",{"v":1534,"d":"£1,534.00"},{"v":1917,"d":"£1,917.00"},{"v":383,"d":"£383.00"}]
["Balustrade",{"v":1318,"d":"£1,318.00"},{"v":1647,"d":"£1,647.00"},{"v":329,"d":"£329.00"}]
["Skirting Board",{"v":3107,"d":"£3,107.00"},{"v":3884,"d":"£3,884.00"},{"v":777,"d":"£777.00"}]
["Window Board",{"v":448,"d":"£448.00"},{"v":560,"d":"£560.00"},{"v":112,"d":"£112.00"}]
["Boxing",{"v":540,"d":"£540.00"},{"v":675,"d":"£675.00"},{"v":135,"d":"£135.00"}]
["Landscaping"]
["Landscaping",{"v":27428,"d":"£27,428.00"},{"v":34286,"d":"£34,286.00"},{"v":6857,"d":"£6,857.00"}]
["Resin",{"v":15189,"d":"£15,189.00"},{"v":18987,"d":"£18,987.00"},{"v":3797,"d":"£3,797.00"}]
["Fence",{"v":10129,"d":"£10,129.00"},{"v":12662,"d":"£12,662.00"},{"v":2532,"d":"£2,532.00"}]
["Turf",{"v":2110,"d":"£2,110.00"},{"v":2638,"d":"£2,638.00"},{"v":528,"d":"£528.00"}]
[]
["Subtotal",null,null,{"$f":"SUM(D5:D85)","v":{"v":149443,"d":"£149,443.00"}}]